{"text_format":"3","workbook":"xlsx","n_sheets":30,"sheets":["Table 1","Table 2","Table 3","Table 4","Table 5","Table 6","Table 7","Table 8","Table 9","Table 10","Table 11","Table 12","Table 13","Table 14","Table 15","Table 16","Table 17","Table 18","Table 19","Table 20","Table 21","Table 22","Table 23","Table 24","Table 25","Table 26","Table 27","Table 28","Table 29","Table 30"],"read":"whole","date_system":"1900"}

{"sheet":"Table 1","index":0,"n_rows":12,"n_cols":10,"rows_kept":12,"merged":[[0,0,1,0],[0,1,1,1],[0,2,1,2],[0,3,1,3],[0,4,0,5],[0,6,1,6],[0,7,0,9],[2,0,11,0],[2,1,11,1],[2,2,11,2],[2,3,11,3],[3,5,4,5],[3,6,4,6],[3,7,4,7],[3,8,4,8],[3,9,4,9]]}
["Proceso","Zona/Lugar","Tareas","Rutinario (Si, No)","Peligro",null,"Efectos Posibles","Controles\nExistentes"]
[{"$nulls":4},"Descripción","Clasificación",null,"Fuente","Medio","Individuo"]
["Cortar","Producción","Alistar material y equipos, medir, cortar, verificar el corte, trasladar material, realizar limpieza.","Si","Impacto continuo e intermitente del ruido producido por los demás procesos y por el mismo","Físico","Cefalea, estrés, irritabilidad, perdida auditiva inducida por ruido","Inspecciones, Diagnósticos y mantenimiento a la maquinaria. Además se aminoro la fuente de ruido ya que se sustituyo la maquina por una sierra eléctrica que emite menos ruido","Ninguno","Elementos de protección personal, implementación recomendaciones AROS, Exámenes médicos, estudio dosimetría del ruido"]
[{"$nulls":4},"Posturas prolongadas","Biomecánico","Problemas lumbares, desordenes de trauma acumulativo, lesiones","Ninguno","Ninguno","Capacitación de estrés y pausas activas, higiene y postura, manual de cargas. Programa de vigilancia epidemiológica"]
[{"$nulls":4},"Movimientos repetitivos"]
[{"$nulls":4},"Desprendimiento mínimo de material particulado","Químico","Cortes, heridas en ojos y piel","El diseño de la sierra eléctrica emite un mínimo porcentaje de material particulado, pero no se descarta que esto en algún momento afecte las seguridad del operario","Ninguno","Elementos de protección personal"]
[{"$nulls":4},"Manejo inadecuado  de elementos de máquinas, herramientas, piezas a trabajar","Mecánico","Lesiones que generan mutilamientos, cortes profundos, traumas, heridas","Ninguno","Ninguno","Capacitación uso adecuado de herramientas"]
[{"$nulls":4},"Falta de orden, señalización y demarcación de áreas","Condicione s de seguridad","Caídas, golpes por obstáculos en el piso, fracturas,","Ninguno","Ninguno","Ninguno"]
[{"$nulls":4},"Desconocimiento de las características de personalidad y resolución de problemas","Psicosocial Individual","Conflictos, disminución del buen clima laboral, desadaptación laboral","Ninguno","Ninguno","Ninguno"]
[{"$nulls":4},"No se han aplicado metodologías para evaluar el nivel de riesgo del factor psicosocial extralaboral","Psicosocial Extralaboral","Actitudes y hábitos inadecuados, desmotivación, conflictos intergrupales y exposición a los accidentes","Ninguno","Ninguno","Ninguno"]
[{"$nulls":4},"Bajo o nulo nivel de participación dentro de la organización","Psicosocial Intralaboral","Falta de identificación con la organización","Ninguno","Ninguno","Ninguno"]
[{"$nulls":4},"Condiciones de salud","Psicosocial Individual","Enfermedades profesionales ocasionadas por la actividad realizada.","Se realizan exámenes médicos de ingreso, además se realizan estudios para evaluar las condiciones a los que están expuestos los trabajadores y así minimizar accidentes y enfermedades profesionales, programa de vigilancia epidemiológica","Ninguno","Se encuentran afiliados a EPS y ARL"]

{"sheet":"Table 2","index":1,"n_rows":12,"n_cols":18,"rows_kept":12,"merged":[[0,0,1,0],[0,1,0,2],[0,3,0,9],[0,11,0,13],[0,14,0,17],[2,0,11,0],[2,11,11,11],[3,2,4,2]]}
["Proceso","Peligro",null,"Evaluación\ndel Riesgo",{"$nulls":6},"Valoración\ndel Riesgo","Criterios para\nestablecer controles",null,null,"Medidas de\nIntervención"]
[null,"Descripción","Clasificación","ND","NE","NP","Interp.","NC","NR","Interp.","Aceptabilidad del riesgo","Nro Expuestos","Peor Consecuencia","Existencia Requisito Legal Especifico Asociado","Eliminación","Sustitución","Controles de Ingeniería","Señalización, Advertencia, Controles Administrativos"]
["Cortar","Impacto continuo e intermitente del ruido producido por los demás procesos y por el mismo","Físico",2,4,8,"MA",10,80,"III","Mejorable",1,"Hipoacusia","Si",{"$nulls":3},"*Señalización y advertencias\n*Uso continuo elementos de protección personal, Implementación acta de compromiso\n*Supervisión de que los controles se cumplan por parte de el área encargada"]
[null,"Posturas prolongadas","Biomecánico",2,4,8,"M",25,200,"I","Aceptable con control especifico",null,"Lumbalgia crónica","No",{"$nulls":3},"*Asegurar la realización de pausas activas\n*Socialización mejores practica y gestos motores para evitar lesiones musculo esqueléticas\n*Implementación acta de compromiso"]
[null,"Movimientos repetitivos",null,2,4,8,"M",25,200,"I","Aceptable con control especifico",null,"Lesiones osteomusculares","Si",{"$nulls":3},"*Asegurar la realización de pausas activas\n*Socialización mejores practica y gestos motores para evitar lesiones musculo esqueléticas\n*Implementación acta de compromiso"]
[null,"Desprendimiento mínimo de material particulado","Químico","-",4,4,"M","-",20,"III","Mejorable",null,"Cortes  y aspiración de material","Si",{"$nulls":3},"*Procedimientos seguros\n*Señalización y advertencias\n*Uso EPP"]
[null,"Manejo inadecuado  de elementos de máquinas, herramientas, piezas a trabajar","Mecánico",2,4,8,"MA",25,200,"II","Aceptable con control especifico",null,"Mutilamiento","Si",{"$nulls":3},"*Procedimientos seguros\n*Señalización y advertencias\n*Fomentar autocuidado, capacitaciones como actos seguros, Implementación acta de compromiso"]
[null,"Falta de orden, señalización y demarcación de áreas","Condiciones de seguridad",6,3,18,"M",10,180,"II","Aceptable con control especifico",null,"Fracturas","Si",null,null,"Hacer reubicación de la máquina en el Displan","*Demarcar áreas\n*Estantes para materia prima que finaliza el proceso de corte"]
[null,"Desconocimiento de las características de personalidad y resolución de problemas.","Psicosocial Individual",6,3,18,"M",10,180,"II","Aceptable con control especifico",null,"Conflictos","Si",{"$nulls":3},"*Es necesario hacer estudios psicométrico y clínicos aplicados por expertos para conocer características psicológicas  de la población trabajadora"]
[null,"No se han aplicado metodologías para evaluar el nivel de riesgo del factor psicosocial extralaboral","Psicosocial Extralaboral",6,3,18,"M",25,450,"II","Aceptable con control especifico",null,"Errores en el proceso de trabajo.","Si",{"$nulls":3},"*Se debe aplicar un estudio del riesgo psicosocial basado en la metodología de evaluación de factores psicosociales extralaborales del Min. Trabajo"]
[null,"Bajo o nulo nivel de participación dentro de la organización","Psicosocial Intralaboral",2,2,4,"M",10,40,"III","Mejorable",null,"ausentismo","SI",{"$nulls":3},"Crear mecanismos de participación por medio de un buzón de sugerencias y encuestas a la hora de establecer medidas, restructuración e la planta, incorporación de nuevos productos, etc."]
[null,"Condiciones de salud","Psicosocial Individual",2,1,2,"A",25,50,"III","Mejorable",null,"Bajo nivel de productividad","Si",{"$nulls":3},"*Asegurar la evaluación del programa de vigilancia epidemiologia para que sea pertinente con los factores psicosociales existentes *Reducción de niveles de exposición a los riesgos que afectan la salud de la población trabajadora por medio de capacitaciones en cuanto a autocuidado y capacitaciones especificas de la actividad que realicen los trabajadores"]

{"sheet":"Table 3","index":2,"n_rows":10,"n_cols":10,"rows_kept":10,"merged":[[0,0,1,0],[0,1,1,1],[0,2,1,2],[0,3,1,3],[0,4,0,5],[0,6,1,6],[0,7,0,9],[2,0,9,0],[2,1,9,1],[2,2,9,2],[2,3,9,3],[3,5,4,5],[3,6,4,6],[3,7,4,7],[3,8,4,8],[3,9,4,9]]}
["Proceso","Zona/Lugar","Tareas","Rutinario (Si, No)","Peligro",null,"Efectos Posibles","Controles\nExistentes"]
[{"$nulls":4},"Descripción","Clasificación",null,"Fuente","Medio","Individuo"]
["Flejar","Producción","Alistar material y herramientas, medir, doblar, verificar el doblez","Si","Impacto continuo e intermitente del ruido producido por los demás procesos","Físico","Cefalea, estrés, irritabilidad, perdida auditiva inducida por ruido","Inspecciones, Diagnósticos y mantenimiento a la maquinaria","Ninguno","Elementos de protección personal, implementación recomendaciones AROS, Exámenes médicos, estudio dosimetría del ruido"]
[{"$nulls":4},"Posturas prolongadas","Biomecánic o","Problemas lumbares, desordenes de trauma acumulativo, lesiones","Ninguno","Ninguno","Capacitación de estrés y pausas activas, higiene y postura, manual de cargas. Programa de vigilancia epidemiológica"]
[{"$nulls":4},"Movimientos repetitivos"]
[{"$nulls":4},"Manejo inadecuado  de elementos de máquinas, herramientas, piezas a trabajar","Condicione s de seguridad","Fracturas, aplastamiento  en manos y pies por caídas de herramientas.","Mantenimiento correctivos y preventivos","Caja de Herramientas.\nSeñalización","Elementos de protección personal"]
[{"$nulls":4},"No se han aplicado metodologías para evaluar el nivel de riesgo del factor psicosocial extralaboral","Psicosocial Extralaboral","Actitudes y hábitos inadecuados, desmotivación, conflictos intergrupales y exposición a los accidentes","Ninguno","Ninguno","Ninguno"]
[{"$nulls":4},"Bajo o nulo nivel de participación dentro de la organización","Psicosocial Intralaboral","Falta de identificación con la organización","Ninguno","Ninguno","Ninguno"]
[{"$nulls":4},"Condiciones de salud","Psicosocial Individual","Enfermedades profesionales ocasionadas por la actividad realizada.","Se realizan exámenes médicos de ingreso, además se realizan estudios para evaluar las condiciones a los que están expuestos los trabajadores y así minimizar accidentes y enfermedades profesionales, programa de vigilancia epidemiológica","Ninguno","Se encuentran afiliados a EPS y ARL"]
[{"$nulls":4},"Desconocimiento de las características de personalidad y resolución de problemas.","Psicosocial Individual","Conflictos, disminución del buen clima laboral, desadaptación laboral","Ninguno","Ninguno","Ninguno"]

{"sheet":"Table 4","index":3,"n_rows":10,"n_cols":18,"rows_kept":10,"merged":[[0,0,1,0],[0,1,0,2],[0,3,0,9],[0,11,0,13],[0,14,0,17],[2,0,9,0],[2,11,9,11],[3,2,4,2]]}
["Proceso","Peligro",null,"Evaluación\ndel Riesgo",{"$nulls":6},"Valoración\ndel Riesgo","Criterios para\nestablecer controles",null,null,"Medidas de\nIntervención"]
[null,"Descripción","Clasificación","ND","NE","NP","Interp.","NC","NR","Interp.","Aceptabilidad del riesgo","Nro Expuestos","Peor Consecuencia","Existencia Requisito Legal Especifico Asociado","Eliminación","Sustitución","Controles de Ingeniería","Señalización, Advertencia, Controles Administrativos"]
["Flejar","Impacto continuo e intermitente del ruido producido por los demás procesos","Físico",2,4,8,"M",10,80,"III","Mejorable",2,"estrés, cansancio","Si",{"$nulls":3},"*Uso EPP, Asegurar la utilización de los mismos\n*Implementación acta de compromiso"]
[null,"Posturas prolongadas","Biomecánico",2,4,8,"M",25,200,"II","Aceptable con control especifico",null,"Lesiones osteomusculares","No",{"$nulls":3},"*Asegurar la realización de pausas activas\n*Socialización mejores practica y gestos motores para evitar lesiones musculo esqueléticas"]
[null,"Movimientos repetitivos",null,2,4,8,"M",25,200,"II","Aceptable con control especifico",null,"Lesiones osteomusculares","Si",{"$nulls":3},"*Asegurar la realización de pausas activas\n*Socialización mejores practica y gestos motores para evitar lesiones musculo esqueléticas"]
[null,"Manejo inadecuado  de elementos de máquinas, herramientas, piezas a trabajar","Condiciones de seguridad",2,4,8,"M",10,80,"III","Mejorable",null,"Golpes","Si",{"$nulls":3},"*Señalización y advertencias\n*Fomentar autocuidado, capacitación actos seguros, Implementación acta de compromiso"]
[null,"No se han aplicado metodologías para evaluar el nivel de riesgo del factor psicosocial extralaboral","Psicosocial Extralaboral",6,3,18,"M",25,450,"II","Aceptable con control especifico",null,"Errores en el proceso de trabajo.","Si",{"$nulls":3},"*Se debe aplicar un estudio del riesgo psicosocial basado en la metodología de evaluación de factores psicosociales extralaborales del Min. Trabajo"]
[null,"Bajo o nulo nivel de participación dentro de la organización","Psicosocial Intralaboral",2,2,4,"M",10,40,"III","Mejorable",null,"ausentismo","SI",{"$nulls":3},"Crear mecanismos de participación por medio de un buzón de sugerencias y encuestas a la hora de establecer medidas, restructuración e la planta, incorporación de nuevos productos, etc."]
[null,"Condiciones de salud","Psicosocial Individual",2,1,2,"A",25,50,"III","Mejorable",null,"Bajo nivel de productividad",{"$nulls":4},"*Asegurar la evaluación del programa de vigilancia epidemiologia para que sea pertinente con los factores psicosociales existentes *Reducción de niveles de exposición a los riesgos que afectan la salud de la población trabajadora por medio de capacitaciones en cuanto a autocuidado y capacitaciones especificas de la actividad que realicen los trabajadores"]
[null,"Desconocimiento de las características de personalidad y resolución de problemas.","Psicosocial Individual",6,3,18,"M",10,180,"II","Aceptable con control especifico",null,"Conflictos","Si",{"$nulls":3},"*Es necesario hacer estudios psicométrico y clínicos aplicados por expertos para evaluar la condición de la población trabajadora"]

{"sheet":"Table 5","index":4,"n_rows":10,"n_cols":10,"rows_kept":10,"merged":[[0,0,1,0],[0,1,1,1],[0,2,1,2],[0,3,1,3],[0,4,0,5],[0,6,1,6],[0,7,0,9],[2,0,9,0],[2,1,9,1],[2,2,9,2],[2,3,9,3]]}
["Proceso","Zona/Lugar","Tareas","Rutinario (Si, No)","Peligro",null,"Efectos Posibles","Controles\nExistentes"]
[{"$nulls":4},"Descripción","Clasificación",null,"Fuente","Medio","Individuo"]
["Martillar","Producción","Alistar material y herramienta, enderezar, verificar material, limpiar, trasladar material.","Si","Alto Impacto del ruido continuo e intermitente producido por los demás procesos y por el mismo","Físico","Cefalea, estrés, irritabilidad, perdida auditiva inducida por ruido","Ninguno","Ninguno","Elementos de protección personal, uso de doble tapa oídos, implementación recomendaciones AROS, Exámenes médicos, estudio dosimetría del ruido"]
[{"$nulls":4},"Manejo inadecuado de herramientas manuales","Condicione s de seguridad","Aplastamiento de manos y pies.","Ninguno","Gabinete de herramientas","Elementos de protección personal, capacitación uso adecuado de herramientas"]
[{"$nulls":4},"Falta de orden, señalización y demarcación de áreas","Condicione s de seguridad","Caídas, golpes por obstáculos en el piso, fracturas,","Ninguno","Ninguno","Elementos de protección personal, capacitación uso adecuado de herramientas"]
[{"$nulls":4},"Bajo o nulo nivel de participación dentro de la organización","Psicosocial Intralaboral","Falta de identificación con la organización","Ninguno","Ninguno","Ninguno"]
[{"$nulls":4},"No se han aplicado metodologías para evaluar el nivel de riesgo del factor psicosocial extralaboral","Psicosocial Extralaboral","Actitudes y hábitos inadecuados, desmotivación, conflictos intergrupales y exposición a los accidentes","Ninguno","Ninguno","Ninguno"]
[{"$nulls":4},"Desconocimiento de las características de personalidad y resolución de problemas.","Psicosocial Individual","Conflictos, disminución del buen clima laboral, desadaptación laboral","Ninguno","Ninguno","Ninguno"]
[{"$nulls":4},"Condiciones de salud","Psicosocial Individual","Enfermedades profesionales ocasionadas por la actividad realizada.","Se realizan exámenes médicos de ingreso, además se realizan estudios para evaluar las condiciones a los que están expuestos los trabajadores y así minimizar accidentes y enfermedades profesionales, programa de vigilancia epidemiológica","Ninguno","Se encuentran afiliados a EPS y ARL"]
[{"$nulls":4},"Movimientos repetitivos, de impacto para codo y hombro  y de fuerza en miembros superiores y columna vertebral.","Biomecánico","Lesiones en miembros superiores","Ninguno","Ninguno","capacitación de estrés y pausas activas, higiene y postura."]

{"sheet":"Table 6","index":5,"n_rows":10,"n_cols":18,"rows_kept":10,"merged":[[0,0,1,0],[0,1,0,2],[0,3,0,9],[0,11,0,13],[0,14,0,17],[2,0,9,0],[2,11,9,11]]}
["Proceso","Peligro",null,"Evaluación\ndel Riesgo",{"$nulls":6},"Valoración\ndel Riesgo","Criterios para\nestablecer controles",null,null,"Medidas de\nIntervención"]
[null,"Descripción","Clasificación","ND","NE","NP","Interp.","NC","NR","Interp.","Aceptabilidad del riesgo","Nro Expuestos","Peor Consecuencia","Existencia Requisito Legal Especifico Asociado","Eliminación","Sustitución","Controles de Ingeniería","Señalización, Advertencia, Controles Administrativos"]
["Martillar","Alto Impacto del ruido continuo e intermitente producido por los demás procesos y por el mismo","Físico",6,4,24,"MA",25,600,"I","No aceptable",1,"Hipoacusia","Si",null,null,"Reubicación del puesto en el displan","*Capacitaciones de ruido ocupacional, factor de riesgo ruido, mantenimiento y limpieza de protectores auditivos.\nInspecciones permanente en cuanto al uso de EPP, acta compromiso, campañas prevención"]
[null,"Manejo inadecuado de herramientas manuales","Condiciones de seguridad",2,4,8,"M",25,200,"II","Aceptable con control especifico",null,"Aplastamiento en manos","Si",{"$nulls":3},"*Procedimientos seguros\n*Señalización y advertencias\n*Fomentar el autocuidado"]
[null,"Falta de orden, señalización y demarcación de áreas","Condiciones de seguridad",2,3,6,"M",10,60,"III","Mejorable",null,"Fractura","Si",{"$nulls":3},"*Procedimientos seguros\n*Señalización y advertencias\n*Fomentar el autocuidado"]
[null,"Bajo o nulo nivel de participación dentro de la organización","Psicosocial Intralaboral",2,2,4,"M",10,40,"III","Mejorable",null,"ausentismo","SI",{"$nulls":3},"Crear mecanismos de participación por medio de un buzón de sugerencias y encuestas a la hora de establecer medidas, restructuración e la planta, incorporación de nuevos productos, etc."]
[null,"No se han aplicado metodologías para evaluar el nivel de riesgo del factor psicosocial extralaboral","Psicosocial Extralaboral",6,3,18,"M",25,450,"II","Aceptable con control especifico",null,"Errores en el proceso de trabajo.","Si",{"$nulls":3},"*Se debe aplicar un estudio del riesgo psicosocial basado en la metodología de evaluación de factores psicosociales extralaborales del Min. Trabajo"]
[null,"Desconocimiento de las características de personalidad y resolución de\nproblemas.","Psicosocial Individual",6,3,18,"M",10,180,"II","Aceptable con control especifico",null,"Conflictos","Si",{"$nulls":3},"*Es necesario hacer estudios psicométrico y clínicos aplicados por expertos para evaluar la condición de la población trabajadora"]
[null,"Condiciones de salud","Psicosocial Individual",2,1,2,"A",25,50,"III","Mejorable",null,"Bajo nivel de productividad",{"$nulls":4},"*Asegurar la evaluación del programa de vigilancia epidemiologia para que sea pertinente con los factores psicosociales existentes *Reducción de niveles de exposición a los riesgos que afectan la salud de la población trabajadora por medio de capacitaciones en cuanto a autocuidado y capacitaciones especificas de la actividad que realicen los trabajadores"]
[null,"Movimientos repetitivos, de impacto para codo y hombro y de fuerza en miembros superiores y columna\nvertebral.","Biomecánico",6,4,24,"MA",25,600,"I","No aceptable",null,"Lesión en miembros superiores","No",{"$nulls":3},"*Asegurar la realización de pausas activas\n*Socialización mejores practica y gestos motores para evitar lesiones musculo esqueléticas\n*Rotar personal"]

{"sheet":"Table 7","index":6,"n_rows":11,"n_cols":10,"rows_kept":11,"merged":[[0,0,1,0],[0,1,1,1],[0,2,1,2],[0,3,1,3],[0,4,0,5],[0,6,1,6],[0,7,0,9],[2,0,10,0],[2,1,10,1],[2,2,10,2],[2,3,10,3]]}
["Proceso","Zona/Lugar","Tareas","Rutinario (Si, No)","Peligro",null,"Efectos Posibles","Controles\nExistentes"]
[{"$nulls":4},"Descripción","Clasificación",null,"Fuente","Medio","Individuo"]
["Tornear","Producción","Alistar material, afilar buriles, verificar estado del dial, ubicar porta herramientas, ubicar material en la copa, medir, encender la maquina, iniciar proceso, retirar material, verificar y almacenar","Si","Desprendimiento de material particulado","Químico","Cortes, heridas en ojos y piel","Ninguno","Ninguno","Elementos de protección personal"]
[{"$nulls":4},"Bajo o nulo nivel de participación dentro de la organización","Psicosocial Intralaboral","Falta de identificación con la organización","Ninguno","Ninguno","Ninguno"]
[{"$nulls":4},"No se han aplicado metodologías para evaluar el nivel de riesgo del factor psicosocial extralaboral","Psicosocial Extralaboral","Actitudes y hábitos inadecuados, desmotivación, conflictos intergrupales y exposición a los accidentes","Ninguno","Ninguno","Ninguno"]
[{"$nulls":4},"Desconocimiento de las características de personalidad y resolución de problemas.","Psicosocial Individual","Conflictos, disminución del buen clima laboral, desadaptación laboral","Ninguno","Ninguno","Ninguno"]
[{"$nulls":4},"Condiciones de salud","Psicosocial individual","Enfermedades profesionales ocasionadas por la actividad realizada.","Se realizan exámenes médicos de ingreso, además se realizan estudios para evaluar las condiciones a los que están expuestos los trabajadores y así minimizar accidentes y enfermedades profesionales, programa de vigilancia epidemiológica","Ninguno","Se encuentran afiliados a EPS y ARL"]
[{"$nulls":4},"Manejo inadecuado  de elementos de máquinas, herramientas, piezas a trabajar","Mecánico","Atrapamiento de miembros de la mano, cortes.","Ninguno","Ninguno","Elementos de protección personal, capacitación de riesgo mecánico."]
[{"$nulls":4},"Falta de orden y demarcación de áreas","Condicione\ns de seguridad","Caídas, golpes por obstáculos en el piso, fracturas,","Ninguno","Ninguno","Ninguno"]
[{"$nulls":4},"Posturas prolongadas y movimientos acompañados con fuerza","Biomecánic o","Problemas lumbares, desordenes de trauma acumulativo, lesiones","Ninguno","Ninguno","capacitación de estrés y pausas activas, higiene y postura, programa de vigilancia epidemiológica"]
[{"$nulls":4},"Ruido producido por los demás procesos y por el mismo","Físico","Cefalea, estrés, irritabilidad, perdida auditiva inducida por ruido","Ninguno","Ninguno","Elementos de protección personal, dosimetría del ruido."]

{"sheet":"Table 8","index":7,"n_rows":11,"n_cols":18,"rows_kept":11,"merged":[[0,0,1,0],[0,1,0,2],[0,3,0,9],[0,11,0,13],[0,14,0,17],[2,0,10,0],[2,11,10,11]]}
["Proceso","Peligro",null,"Evaluación\ndel Riesgo",{"$nulls":6},"Valoración\ndel Riesgo","Criterios para\nestablecer controles",null,null,"Medidas de\nIntervención"]
[null,"Descripción","Clasificación","ND","NE","NP","Interp.","NC","NR","Interp.","Aceptabilidad del riesgo","Nro Expuestos","Peor Consecuencia","Existencia Requisito Legal Especifico Asociado","Eliminación","Sustitución","Controles de Ingeniería","Señalización, Advertencia, Controles Administrativos"]
["Tornear","Desprendimiento de material particulado","Químico",2,4,8,"M",25,200,"II","Aceptable con\ncontrol especifico",5,"Cortes en ojos","Si",{"$nulls":3},"*Procedimientos seguros\n*Señalización y advertencias\n*Uso EPP"]
[null,"Bajo o nulo nivel de participación dentro de la organización","Psicosocial Intralaboral",2,2,4,"M",10,40,"III","Mejorable",null,"ausentismo","SI",{"$nulls":3},"Crear mecanismos de participación por medio de un buzón de sugerencias y encuestas a la hora de establecer medidas, restructuración e la planta, incorporación de nuevos productos, etc."]
[null,"No se han aplicado metodologías para evaluar el nivel de riesgo del factor psicosocial extralaboral","Psicosocial Extralaboral",6,3,18,"M",25,450,"II","Aceptable con control especifico",null,"Errores en el proceso de trabajo.","Si",{"$nulls":3},"*Se debe aplicar un estudio del riesgo psicosocial basado en la metodología de evaluación de factores psicosociales extralaborales del Min. Trabajo"]
[null,"Desconocimiento de las características de personalidad y resolución de problemas.","Psicosocial Individual",6,3,18,"M",10,180,"II","Aceptable con control especifico",null,"Conflictos","Si",{"$nulls":3},"*Es necesario hacer estudios psicométrico y clínicos aplicados por expertos para evaluar la condición de la población trabajadora"]
[null,"Condiciones de salud","Psicosocial individual",2,1,2,"A",25,50,"III","Mejorable",null,"Bajo nivel de productividad",{"$nulls":4},"*Asegurar la evaluación del programa de vigilancia epidemiologia para que sea pertinente con los factores psicosociales existentes *Reducción de niveles de exposición a los riesgos que afectan la salud de la población trabajadora por medio de capacitaciones en cuanto a autocuidado y capacitaciones especificas de la actividad que realicen los trabajadores"]
[null,"Manejo inadecuado  de elementos de máquinas, herramientas, piezas a\ntrabajar","Mecánico",6,4,24,"MA",25,600,"I","No aceptable",null,"Mutilamiento","Si",{"$nulls":3},"*Procedimientos seguros\n*Señalización y advertencias\n*Uso EPP *Fomentar autocuidado"]
[null,"Falta de orden y demarcación de áreas","Condiciones de seguridad",6,4,24,"MA",10,240,"II","Aceptable con\ncontrol especifico",null,"Fractura","Si",{"$nulls":3},"*Demarcar áreas, hacer estantes para ubicar materiales y evitar desorden"]
[null,"Posturas prolongadas y movimientos acompañados con fuerza","Biomecánico",6,4,24,"MA",25,600,"I","No aceptable",null,"Lesiones osteomusculares","No",{"$nulls":3},"*Asegurar la realización de pausas activas\n*Socialización mejores practica y gestos motores para evitar lesiones musculo esqueléticas\n*Rotar personal"]
[null,"Ruido producido por los demás procesos y por el mismo","Físico",6,4,24,"MA",25,600,"I","No aceptable",null,"Hipoacusia","Si",{"$nulls":3},"*Capacitaciones de ruido ocupacional, factor de riesgo ruido, mantenimiento y limpieza de protectores auditivos.\n*Inspecciones permanentes en cuanto al uso de EPP"]

{"sheet":"Table 9","index":8,"n_rows":13,"n_cols":10,"rows_kept":13,"merged":[[0,0,1,0],[0,1,1,1],[0,2,1,2],[0,3,1,3],[0,4,0,5],[0,6,1,6],[0,7,0,9],[2,0,12,0],[2,1,12,1],[2,2,12,2],[2,3,12,3],[3,5,5,5],[3,6,5,6],[3,7,5,7],[3,8,5,8],[3,9,5,9]]}
["Proceso","Zona/Lugar","Tareas","Rutinario (Si, No)","Peligro",null,"Efectos Posibles","Controles\nExistentes"]
[{"$nulls":4},"Descripción","Clasificación",null,"Fuente","Medio","Individuo"]
["Taladrar","Producción","Alistar material y equipo, medir, poner matriz, centro puntear, verificar distancia  y perforar, limpiar.","Si","Desprendimiento de material particulado","Químico","Cortes, heridas en ojos y piel","Ninguno","Ninguno","EPP"]
[{"$nulls":4},"Posturas prolongadas","Biomecánico","Problemas lumbares, desordenes de trauma acumulativo, lesiones","Ninguno","Disminución del factor de exposición con descansos y rotación del personal","Capacitación de estrés y pausas activas, higiene y postura.\nPrograma de vigilancia epidemiológica"]
[{"$nulls":4},"Posturas mantenidas"]
[{"$nulls":4},"Movimientos repetitivos"]
[{"$nulls":4},"Manejo inadecuado  de elementos de máquinas, herramientas, piezas a trabajar","Mecánico","Perforaciones y/o atrapamiento de miembros superiores","Ninguno","Ninguno","Elementos de protección personal, capacitación riesgo mecánico"]
[{"$nulls":4},"Desconocimiento de las características de personalidad y resolución de problemas.","Psicosocial Individual","Conflictos, disminución del buen clima laboral, desadaptación laboral","Ninguno","Ninguno","Ninguno"]
[{"$nulls":4},"Condiciones de salud","Psicosocial Individual","Enfermedades profesionales ocasionadas por la actividad realizada.","Se realizan exámenes médicos de ingreso, además se realizan estudios para evaluar las condiciones a los que están expuestos los trabajadores y así minimizar accidentes y enfermedades profesionales, programa de vigilancia epidemiológica","Ninguno","Se encuentran afiliados a EPS y ARL"]
[{"$nulls":4},"No se han aplicado metodologías para evaluar el nivel de riesgo del factor psicosocial extralaboral","Psicosocial Extralaboral","Actitudes y hábitos inadecuados, desmotivación, conflictos intergrupales y exposición a los accidentes","Ninguno","Ninguno","Ninguno"]
[{"$nulls":4},"Bajo o nulo nivel de participación dentro de la organización","Psicosocial Intralaboral","Falta de identificación con la organización","Ninguno","Ninguno","Ninguno"]
[{"$nulls":4},"Falta de orden y demarcación de áreas","Condicione s de seguridad","Caídas, golpes por obstáculos en el piso, fracturas,","Ninguno","Ninguno","Ninguno"]
[{"$nulls":4},"Impacto continuo e intermitente del ruido producido por los demás procesos y por el mismo","Físico","Cefalea, estrés, irritabilidad, perdida auditiva inducida por ruido","Inspecciones, Diagnósticos y mantenimiento a la maquinaria","Ninguno","Elementos de protección personal, implementación recomendaciones AROS, Exámenes médicos, estudio dosimetría del ruido"]

{"sheet":"Table 10","index":9,"n_rows":24,"n_cols":18,"rows_kept":24,"merged":[[0,0,1,0],[0,1,0,2],[0,3,0,9],[0,11,0,13],[0,14,0,17],[2,0,12,0],[2,11,12,11],[3,2,5,2],[13,0,23,0],[13,11,23,11],[14,2,16,2]]}
["Proceso","Peligro",null,"Evaluación\ndel Riesgo",{"$nulls":6},"Valoración\ndel Riesgo","Criterios para\nestablecer controles",null,null,"Medidas de\nIntervención"]
[null,"Descripción","Clasificación","ND","NE","NP","Interp.","NC","NR","Interp.","Aceptabilidad del riesgo","Nro Expuestos","Peor Consecuencia","Existencia Requisito Legal Especifico Asociado","Eliminación","Sustitución","Controles de Ingeniería","Señalización, Advertencia, Controles Administrativos"]
["Taladrar","Desprendimiento de material particulado","Químico",2,4,8,"MA",25,200,"II","Aceptable con control especifico",2,"Cortes en ojos","Si",{"$nulls":3},"*Procedimientos seguros\n*Señalización y advertencias\n*Uso EPP"]
[null,"Posturas prolongadas","Biomecánico",6,4,24,"MA",10,240,"II","Aceptable con control especifico",null,"Lesiones osteomusculares","No",{"$nulls":3},"*Asegurar la realización de pausas activas\n*Socialización mejores practica y gestos motores para evitar lesiones musculo esqueléticas\n*Rotar personal"]
[null,"Posturas mantenidas",null,6,4,24,"MA",10,240,"II","Aceptable con control especifico",null,"Lesiones osteomusculares","No",{"$nulls":3},"*Asegurar la realización de pausas activas\n*Socialización mejores practica y gestos motores para evitar lesiones musculo esqueléticas\n*Rotar personal"]
[null,"Movimientos repetitivos",null,6,4,24,"MA",10,240,"II","Aceptable con control especifico",null,"Lesiones osteomusculares","Si",{"$nulls":3},"*Asegurar la realización de pausas activas\n*Socialización mejores practica y gestos motores para evitar lesiones musculo esqueléticas\n*Rotar personal"]
[null,"Manejo inadecuado  de elementos de máquinas, herramientas, piezas a\ntrabajar","Mecánico",6,4,24,"MA",10,240,"II","Aceptable con control especifico",null,"Cortes, mutilamientos","Si",{"$nulls":3},"*Procedimientos seguros\n*Señalización y advertencias\n*Uso EPP *Fomentar autocuidado"]
[null,"Desconocimiento de las características de personalidad y resolución de\nproblemas.","Psicosocial Individual",6,3,18,"M",10,180,"II","Aceptable con control especifico",null,"Conflictos",{"$nulls":4},"*Es necesario hacer estudios psicométrico y clínicos aplicados por expertos para evaluar la condición de la población trabajadora"]
[null,"Condiciones de salud","Psicosocial Individual",2,1,2,"A",25,50,"III","Mejorable",null,"Bajo nivel de productividad","Si",{"$nulls":3},"*Asegurar la evaluación del programa de vigilancia epidemiologia para que sea pertinente con los factores psicosociales existentes *Reducción de niveles de exposición a los riesgos que afectan la salud de la población trabajadora por medio de capacitaciones en cuanto a autocuidado y capacitaciones especificas de la actividad que realicen los trabajadores"]
[null,"No se han aplicado metodologías para evaluar el nivel de riesgo del factor psicosocial extralaboral","Psicosocial Extralaboral",6,3,18,"M",25,450,"II","Aceptable con control especifico",null,"Errores en el proceso de trabajo.","Si",{"$nulls":3},"*Se debe aplicar un estudio del riesgo psicosocial basado en la metodología de evaluación de factores psicosociales extralaborales del Min. Trabajo"]
[null,"Bajo o nulo nivel de participación dentro de la organización","Psicosocial Intralaboral",2,2,4,"M",10,40,"III","Mejorable",null,"ausentismo","SI",{"$nulls":3},"Crear mecanismos de participación por medio de un buzón de sugerencias y encuestas a la hora de establecer medidas, restructuración e la planta, incorporación de nuevos productos, etc."]
[null,"Falta de orden y demarcación de áreas","Condiciones de seguridad",6,4,24,"MA",10,240,"II","Aceptable con control especifico",null,"Fractura","Si",{"$nulls":3},"*Demarcar áreas, hacer estantes para ubicar materiales y evitar desorden"]
[null,"Impacto continuo e intermitente del ruido producido por los demás procesos y por el mismo","Físico",6,4,24,"MA",10,240,"II","Aceptable con control especifico",null,"Hipoacusia","Si",{"$nulls":3},"Capacitaciones de ruido ocupacional, factor de riesgo ruido, mantenimiento y limpieza de protectores auditivos.\nInspecciones permanente en cuanto al uso de EPP"]
["Taladrar","Desprendimiento de material particulado","Químico",2,4,8,"MA",25,200,"II","Aceptable con control especifico",2,"Cortes en ojos","Si",{"$nulls":3},"*Procedimientos seguros\n*Señalización y advertencias\n*Uso EPP"]
[null,"Posturas prolongadas","Biomecánico",6,4,24,"MA",10,240,"II","Aceptable con control especifico",null,"Lesiones osteomusculares","No",{"$nulls":3},"*Asegurar la realización de pausas activas\n*Socialización mejores practica y gestos motores para evitar lesiones musculo esqueléticas\n*Rotar personal"]
[null,"Posturas mantenidas",null,6,4,24,"MA",10,240,"II","Aceptable con control especifico",null,"Lesiones osteomusculares","No",{"$nulls":3},"*Asegurar la realización de pausas activas\n*Socialización mejores practica y gestos motores para evitar lesiones musculo esqueléticas\n*Rotar personal"]
[null,"Movimientos repetitivos",null,6,4,24,"MA",10,240,"II","Aceptable con control especifico",null,"Lesiones osteomusculares","Si",{"$nulls":3},"*Asegurar la realización de pausas activas\n*Socialización mejores practica y gestos motores para evitar lesiones musculo esqueléticas\n*Rotar personal"]
[null,"Manejo inadecuado  de elementos de máquinas, herramientas, piezas a\ntrabajar","Mecánico",6,4,24,"MA",10,240,"II","Aceptable con control especifico",null,"Cortes, mutilamientos","Si",{"$nulls":3},"*Procedimientos seguros\n*Señalización y advertencias\n*Uso EPP *Fomentar autocuidado"]
[null,"Desconocimiento de las características de personalidad y resolución de\nproblemas.","Psicosocial Individual",6,3,18,"M",10,180,"II","Aceptable con control especifico",null,"Conflictos",{"$nulls":4},"*Es necesario hacer estudios psicométrico y clínicos aplicados por expertos para evaluar la condición de la población trabajadora"]
[null,"Condiciones de salud","Psicosocial Individual",2,1,2,"A",25,50,"III","Mejorable",null,"Bajo nivel de productividad","Si",{"$nulls":3},"*Asegurar la evaluación del programa de vigilancia epidemiologia para que sea pertinente con los factores psicosociales existentes *Reducción de niveles de exposición a los riesgos que afectan la salud de la población trabajadora por medio de capacitaciones en cuanto a autocuidado y capacitaciones especificas de la actividad que realicen los trabajadores"]
[null,"No se han aplicado metodologías para evaluar el nivel de riesgo del factor psicosocial extralaboral","Psicosocial Extralaboral",6,3,18,"M",25,450,"II","Aceptable con control especifico",null,"Errores en el proceso de trabajo.","Si",{"$nulls":3},"*Se debe aplicar un estudio del riesgo psicosocial basado en la metodología de evaluación de factores psicosociales extralaborales del Min. Trabajo"]
[null,"Bajo o nulo nivel de participación dentro de la organización","Psicosocial Intralaboral",2,2,4,"M",10,40,"III","Mejorable",null,"ausentismo","SI",{"$nulls":3},"Crear mecanismos de participación por medio de un buzón de sugerencias y encuestas a la hora de establecer medidas, restructuración e la planta, incorporación de nuevos productos, etc."]
[null,"Falta de orden y demarcación de áreas","Condiciones de seguridad",6,4,24,"MA",10,240,"II","Aceptable con control especifico",null,"Fractura","Si",{"$nulls":3},"*Demarcar áreas, hacer estantes para ubicar materiales y evitar desorden"]
[null,"Impacto continuo e intermitente del ruido producido por los demás procesos y por el mismo","Físico",6,4,24,"MA",10,240,"II","Aceptable con control especifico",null,"Hipoacusia","Si",{"$nulls":3},"Capacitaciones de ruido ocupacional, factor de riesgo ruido, mantenimiento y limpieza de protectores auditivos.\nInspecciones permanente en cuanto al uso de EPP"]

{"sheet":"Table 11","index":10,"n_rows":9,"n_cols":10,"rows_kept":9,"merged":[[0,0,1,0],[0,1,1,1],[0,2,1,2],[0,3,1,3],[0,4,0,5],[0,6,1,6],[0,7,0,9],[2,0,8,0],[2,1,8,1],[2,2,8,2],[2,3,8,3]]}
["Proceso","Zona/Lugar","Tareas","Rutinario (Si, No)","Peligro",null,"Efectos Posibles","Controles\nExistentes"]
[{"$nulls":4},"Descripción","Clasificación",null,"Fuente","Medio","Individuo"]
["Troquelado","Producción","Alistar material, cambiar matriz, graduar, sacar medida, troquelar, mantenimiento periódico","Si","Impacto continuo e intermitente del ruido producido por los demás procesos y por el mismo","Físico","Cefalea, estrés, irritabilidad, perdida auditiva inducida por ruido","Inspecciones, Diagnósticos y mantenimiento a la maquinaria","Ninguno","Elementos de protección personal, implementación recomendaciones AROS, Exámenes médicos, estudio dosimetría del ruido"]
[{"$nulls":4},"Bajo o nulo nivel de participación dentro de la organización","Psicosocial Intralaboral","Falta de identificación con la organización","Ninguno","Ninguno","Ninguno"]
[{"$nulls":4},"No se han aplicado metodologías para evaluar el nivel de riesgo del factor psicosocial extralaboral","Psicosocial Extralaboral","Actitudes y hábitos inadecuados, desmotivación, conflictos intergrupales y exposición a los accidentes","Ninguno","Ninguno","Ninguno"]
[{"$nulls":4},"Desconocimiento de las características de personalidad y resolución de problemas.","Psicosocial Individual","Conflictos, disminución del buen clima laboral, desadaptación laboral","Ninguno","Ninguno","Ninguno"]
[{"$nulls":4},"Condiciones de salud","Psicosocial Individual","Enfermedades profesionales ocasionadas por la actividad realizada.","Se realizan exámenes médicos de ingreso, además se realizan estudios para evaluar las condiciones a los que están expuestos los trabajadores y así minimizar accidentes y enfermedades profesionales, programa de vigilancia epidemiológica","Ninguno","Se encuentran afiliados a EPS y ARL"]
[{"$nulls":4},"Manejo inadecuado  de elementos de máquinas, herramientas, piezas a trabajar","Mecánico","Atrapamiento de miembros superiores.","Ninguno","Ninguno","Elementos de protección personal, capacitación de riesgo mecánico."]
[{"$nulls":4},"Posturas prolongadas por fuera de ángulos de confort en hombros en posición sedente","Biomecánico","Lesiones en miembros superiores,","Ninguno","Disminución del factor de exposición con descansos y rotación del personal","Capacitación de estrés y pausas activas, higiene y postura."]

{"sheet":"Table 12","index":11,"n_rows":9,"n_cols":18,"rows_kept":9,"merged":[[0,0,1,0],[0,1,0,2],[0,3,0,9],[0,11,0,13],[0,14,0,17],[2,0,8,0],[2,11,8,11]]}
["Proceso","Peligro",null,"Evaluación\ndel Riesgo",{"$nulls":6},"Valoración\ndel Riesgo","Criterios para\nestablecer controles",null,null,"Medidas de\nIntervención"]
[null,"Descripción","Clasificación","ND","NE","NP","Interp.","NC","NR","Interp.","Aceptabilidad del riesgo","Nro Expuestos","Peor Consecuencia","Existencia Requisito Legal Especifico Asociado","Eliminación","Sustitución","Controles de Ingeniería","Señalización, Advertencia, Controles Administrativos"]
["Troquelado","Impacto continuo e intermitente del ruido producido por los demás procesos y por el mismo","Físico",6,4,24,"MA",10,240,"II","Aceptable con control especifico",3,"Hipoacusia","Si",{"$nulls":3},"Capacitaciones de ruido ocupacional, factor de riesgo ruido, mantenimiento y limpieza de protectores auditivos.\nInspecciones permanente en cuanto al uso de EPP"]
[null,"Bajo o nulo nivel de participación dentro de la organización","Psicosocial Intralaboral",2,2,4,"M",10,40,"III","Mejorable",null,"ausentismo","SI",{"$nulls":3},"Crear mecanismos de participación por medio de un buzón de sugerencias y encuestas a la hora de establecer medidas, restructuración e la planta, incorporación de nuevos productos, etc."]
[null,"No se han aplicado metodologías para evaluar el nivel de riesgo del factor psicosocial extralaboral","Psicosocial Extralaboral",6,3,18,"M",25,450,"II","Aceptable con control especifico",null,"Errores en el proceso de trabajo.","Si",{"$nulls":3},"*Se debe aplicar un estudio del riesgo psicosocial basado en la metodología de evaluación de factores psicosociales extralaborales del Min. Trabajo"]
[null,"Desconocimiento de las características de personalidad y resolución de problemas.","Psicosocial Individual",6,3,18,"M",10,180,"II","Aceptable con control especifico",null,"Conflictos","Si",{"$nulls":3},"*Es necesario hacer estudios psicométrico y clínicos aplicados por expertos para evaluar la condición de la población trabajadora"]
[null,"Condiciones de salud","Psicosocial Individual",2,1,2,"A",25,50,"III","Mejorable",null,"Bajo nivel de productividad",{"$nulls":4},"*Asegurar la evaluación del programa de vigilancia epidemiologia para que sea pertinente con los factores psicosociales existentes *Reducción de niveles de exposición a los riesgos que afectan la salud de la población trabajadora por medio de capacitaciones en cuanto a autocuidado y capacitaciones especificas de la actividad que realicen los trabajadores"]
[null,"Manejo inadecuado  de elementos de máquinas, herramientas, piezas a trabajar","Mecánico",6,4,24,"MA",10,240,"II","Aceptable con control especifico",null,"Aplastamiento en manos","Si",{"$nulls":3},"*Procedimientos seguros\n*Señalización y advertencias\n*Uso EPP *Fomentar autocuidado"]
[null,"Posturas prolongadas por fuera de ángulos de confort en hombros en posición sedente","Biomecánico",6,4,24,"MA",10,240,"II","Aceptable con control especifico",null,"Lesiones osteomusculares","No",{"$nulls":3},"*asegurar la realización de pausas activas\n*Socialización mejores practica y gestos motores para evitar lesiones musculo esqueléticas\n*Rotar personal"]

{"sheet":"Table 13","index":12,"n_rows":13,"n_cols":10,"rows_kept":13,"merged":[[0,0,1,0],[0,1,1,1],[0,2,1,2],[0,3,1,3],[0,4,0,5],[0,6,1,6],[0,7,0,9],[2,0,12,0],[2,1,12,1],[2,2,12,2],[2,3,12,3],[8,5,10,5],[8,6,9,6],[8,7,9,7],[8,8,9,8],[8,9,9,9]]}
["Proceso","Zona/Lugar","Tareas","Rutinario (Si, No)","Peligro",null,"Efectos Posibles","Controles\nExistentes"]
[{"$nulls":4},"Descripción","Clasificación",null,"Fuente","Medio","Individuo"]
["Soldar y armar","Producción","Alistar equipo de soldadura CO2 y\nherramientas, revisar equipo y encenderlo, abrir CO2 mig, alinear varillas, unir con soldadura las piezas, trasladar material al proceso pulir","Si","Impacto continuo e intermitente del ruido producido por los demás procesos y por el mismo","Físico","Cefalea, estrés, irritabilidad, perdida auditiva inducida por ruido","Inspecciones, Diagnósticos y mantenimiento a la maquinaria","Ninguno","Elementos de protección personal, implementación recomendaciones AROS, Exámenes médicos, estudio dosimetría del ruido"]
[{"$nulls":4},"Exposición a gases y vapores","Químico","Generación de incendios y explosiones, quemaduras, intoxicaciones`, cefaleas, nauseas, somnolencia, edema pulmonar, paro respiratorio, irritación vías respiratorias, ojos, piel y tracto gastrointestinal, vomito","Inspecciones, Diagnósticos y mantenimiento a la maquinaria","Ninguno","Elementos de protección personal, implementación recomendaciones AROS, Exámenes médicos, Manipulación de productos químicos en soldadura"]
[{"$nulls":4},"Desconocimiento de las características de personalidad y resolución de problemas.","Psicosocial Individual","Conflictos, disminución del buen clima laboral, desadaptación laboral","Ninguno","Ninguno","Ninguno"]
[{"$nulls":4},"Condiciones de salud","Psicosocial Individual","Enfermedades profesionales ocasionadas por la actividad realizada.","Se realizan exámenes médicos de ingreso, además se realizan estudios para evaluar las condiciones a los que están expuestos los trabajadores y así minimizar accidentes y enfermedades profesionales, programa de vigilancia epidemiológica","Ninguno","Se encuentran afiliados a EPS y ARL"]
[{"$nulls":4},"Bajo o nulo nivel de participación dentro de la organización","Psicosocial Intralaboral","Falta de identificación con la organización","Ninguno","Ninguno","Ninguno"]
[{"$nulls":4},"No se han aplicado metodologías para evaluar el nivel de riesgo del factor psicosocial extralaboral","Psicosocial Extralaboral","Actitudes y hábitos inadecuados, desmotivación, conflictos intergrupales y exposición a los accidentes","Ninguno","Ninguno","Ninguno"]
[{"$nulls":4},"Posturas prolongadas","Biomecánico","Problemas lumbares, desordenes de trauma acumulativo, lesiones.","Ninguno","Ninguno","Capacitación de estrés y pausas activas, higiene y postura.\nPrograma de vigilancia epidemiológica"]
[{"$nulls":4},"Movimientos en miembros superiores y columna vertebral."]
[{"$nulls":4},"Manipulación de cargas",null,"Problemas lumbares, desordenes de trauma acumulativo, lesiones en miembros superiores","Ninguno","Disminución del factor de exposición con descansos y rotación del personal","Capacitación manipulación de cargas"]
[{"$nulls":4},"Manejo inadecuado  de elementos, herramientas, piezas a trabajar","Condicione s de seguridad","Quemaduras de 2do y 3er grado","Ninguno","Ninguno","Capacitación uso adecuado de herramientas."]
[{"$nulls":4},"Desprendimiento de chispas, además de riesgo por incendio en la manipulación de equipos de C02","Tecnológico","Incendio, quemaduras a terceras personas","Ninguno","Cortinas protección contra soldadura, separación de puesto de trabajo y cuarto de almacenamiento\ncilindros de C02","Capacitación manipulación de productos químicos en soladura, atención de emergencias antincendios, señalización y uso de EPP adecuados"]

{"sheet":"Table 14","index":13,"n_rows":21,"n_cols":18,"rows_kept":21,"merged":[[0,0,1,0],[0,1,0,2],[0,3,0,9],[0,11,0,13],[0,14,0,17],[2,10,4,10],[2,14,4,14],[2,15,4,15],[2,16,4,16],[7,13,11,13],[7,14,11,14],[7,15,11,15],[7,16,11,16],[14,14,16,14],[14,15,16,15],[14,16,16,16]]}
["Proceso","Peligro",null,"Evaluación\ndel Riesgo",{"$nulls":6},"Valoración\ndel Riesgo","Criterios para\nestablecer controles",null,null,"Medidas de\nIntervención"]
[null,"Descripción","Clasificación","ND","NE","NP","Interp.","NC","NR","Interp.","Aceptabilidad del riesgo","Nro Expuestos","Peor Consecuencia","Existencia Requisito Legal Especifico Asociado","Eliminación","Sustitución","Controles de Ingeniería","Señalización, Advertencia, Controles Administrativos"]
[null,"Impacto continuo e",{"$nulls":8},"Aceptable con control especifico",{"$nulls":6},"Capacitaciones de ruido ocupacional, factor de riesgo"]
[null,"intermitente del ruido\nproducido por los demás","Físico",6,4,24,"MA",10,240,"II",null,null,"Hipoacusia","Si",{"$nulls":3},"ruido, mantenimiento y limpieza de protectores\nauditivos."]
[null,"procesos y por el mismo",{"$nulls":15},"Inspecciones permanente en cuanto al uso de EPP"]
[null,"Exposición a gases y vapores","Químico",2,4,8,"M",25,200,"II","Aceptable con control especifico",null,"Intoxicación por inhalación","Si",{"$nulls":3},"*Asegurar el uso de elementos de protección personal\n*Fomentar autocuidado"]
[null,"Desconocimiento de las características de personalidad y resolución de\nproblemas.","Psicosocial Individual",6,3,18,"M",10,180,"II","Aceptable con control especifico",null,"Conflictos","Si",{"$nulls":3},"*Es necesario hacer estudios psicométrico y clínicos aplicados por expertos para evaluar la condición de la población trabajadora"]
[{"$nulls":17},"*Asegurar la evaluación del programa de vigilancia"]
[{"$nulls":17},"epidemiologia para que sea pertinente con los factores"]
[null,"Condiciones de salud","Psicosocial Individual",2,1,2,"A",25,50,"III","Mejorable",null,"Bajo nivel de productividad",{"$nulls":4},"psicosociales existentes *Reducción de niveles de exposición a los riesgos que afectan la salud de la\npoblación trabajadora por medio de capacitaciones en"]
[{"$nulls":17},"cuanto a autocuidado y capacitaciones especificas de"]
[{"$nulls":17},"la actividad que realicen los trabajadores"]
["Soldar y armar","Bajo o nulo nivel de participación dentro de la organización","Psicosocial Intralaboral",2,2,4,"M",10,40,"III","Mejorable",12,"ausentismo","SI",{"$nulls":3},"Crear mecanismos de participación por medio de un buzón de sugerencias y encuestas a la hora de establecer medidas, restructuración e la planta, incorporación de nuevos productos, etc."]
[null,"No se han aplicado metodologías para evaluar el nivel de riesgo del factor psicosocial extralaboral","Psicosocial Extralaboral",6,3,18,"M",25,450,"II","Aceptable con control especifico",null,"Errores en el proceso de trabajo.","Si",{"$nulls":3},"*Se debe aplicar un estudio del riesgo psicosocial basado en la metodología de evaluación de factores psicosociales extralaborales del Min. Trabajo"]
[{"$nulls":10},"Aceptable con",{"$nulls":6},"*asegurar la realización de pausas activas"]
[null,"Posturas prolongadas",null,6,4,24,"MA",10,240,"II","control",null,"Lumbalgia crónica","No",{"$nulls":3},"*Socialización mejores practica y gestos motores para"]
[{"$nulls":10},"especifico",{"$nulls":6},"evitar lesiones musculo esqueléticas"]
[null,"Movimientos en miembros superiores y columna vertebral.","Biomecánico",6,4,24,"MA",25,600,"I","No aceptable",null,"Lesiones osteomusculares","Si",{"$nulls":3},"*asegurar la realización de pausas activas\n*Socialización mejores practica y gestos motores para evitar lesiones musculo esqueléticas"]
[null,"Manipulación de cargas",null,6,4,24,"MA",25,600,"I","No aceptable",null,"Lesiones osteomusculares","Si",{"$nulls":3},"*Se requiere uso obligatorio  de  los sistemas actualmente existentes en la empresa para el transporte de  materiales."]
[null,"Manejo inadecuado  de elementos, herramientas, piezas a trabajar","Condiciones de seguridad",2,4,8,"M",10,80,"III","Mejorable",null,"Incendio","Si",{"$nulls":3},"*Procedimientos seguros\n*Señalización y advertencias\n*Uso EPP *Fomentar autocuidado"]
[null,"Desprendimiento de chispas, además de riesgo por incendio en la manipulación de equipos de C02","Tecnológico",2,4,8,"MA",10,80,"III","Mejorable",null,"Incendio","Si",null,null,"Cambio de Cortinas para soldaduras, presentan desgaste","*Asegurar que en los puesto de trabajo del proceso de soldadura se realice correctamente la manipulación de los equipos, cilindros de C02 y las cortinas de soldaduras se utilicen adecuadamente"]

{"sheet":"Table 15","index":14,"n_rows":12,"n_cols":10,"rows_kept":12,"merged":[[0,0,1,0],[0,1,1,1],[0,2,1,2],[0,3,1,3],[0,4,0,5],[0,6,1,6],[0,7,0,9],[2,0,11,0],[2,1,11,1],[2,2,7,2],[2,3,7,3],[8,2,11,2],[8,3,11,3]]}
["Proceso","Zona/Lugar","Tareas","Rutinario (Si, No)","Peligro",null,"Efectos Posibles","Controles\nExistentes"]
[{"$nulls":4},"Descripción","Clasificación",null,"Fuente","Medio","Individuo"]
["Pulir","Producción","Alistar material, verificar discos, limpiar material, medir, limpiar puesto de trabajo, trasladar material al proceso pintar.","Si","Impacto continuo e intermitente del ruido producido por los demás procesos y por el mismo","Físico","Cefalea, estrés, irritabilidad, perdida auditiva inducida por ruido","Inspecciones, Diagnósticos y mantenimiento a la maquinaria","Ninguno","Elementos de protección personal, implementación recomendaciones AROS, Exámenes médicos, estudio dosimetría del ruido"]
[{"$nulls":4},"Manejo inadecuado de herramientas manuales","Mecánico","Cortes, mutilamientos, heridas en general","Ninguno","Disminución del factor de exposición con descansos y rotación del personal","Elementos de protección personal, capacitación uso adecuado de herramientas, Capacitación de riesgo mecánico"]
[{"$nulls":4},"Desprendimiento de chispas","Tecnológico","Incendio, quemaduras a terceras personas","se realizo una reubicación de el puesto de trabajo ya que antes se había presentado un incendio por el desprendimiento de chispas cerca de l área de pinturas donde manipulan gasolina","EPP","Capacitación manipulación de productos químicos en soladura, atención de emergencias antincendios"]
[{"$nulls":4},"Desprendimiento de material particulado","Químico","Cortes, heridas en ojos y piel","Ninguno","Ninguno","EPP"]
[{"$nulls":4},"Desconocimiento de las características de personalidad y resolución de problemas.","Psicosocial Individual","Conflictos, disminución del buen clima laboral, desadaptación laboral","Ninguno","Ninguno","Ninguno"]
[{"$nulls":4},"Condiciones de salud","Psicosocial Individual","Enfermedades profesionales ocasionadas por la actividad realizada.","Se realizan exámenes médicos de ingreso, además se realizan estudios para evaluar las condiciones a los que están expuestos los trabajadores y así minimizar accidentes y enfermedades profesionales, programa de vigilancia epidemiológica","Ninguno","Se encuentran afiliados a EPS y ARL"]
[null,null,"Alistar material, verificar discos, limpiar material, medir, limpiar puesto de trabajo, trasladar material al proceso pintar.","Si","No se han aplicado metodologías para evaluar el nivel de riesgo del factor psicosocial extralaboral","Psicosocial Extralaboral","Actitudes y hábitos inadecuados, desmotivación, conflictos intergrupales y exposición a los accidentes","Ninguno","Ninguno","Ninguno"]
[{"$nulls":4},"Bajo o nulo nivel de participación dentro de la organización","Psicosocial Intralaboral","Falta de identificación con la organización","Ninguno","Ninguno","Ninguno"]
[{"$nulls":4},"Manipulación de cargas","Biomecánic o","Problemas lumbares, desordenes de trauma acumulativo, lesiones en miembros superiores","Gatos Hidráulicos","Disminución del factor de exposición con descansos y rotación del personal","Manual de cargas"]
[{"$nulls":4},"Posturas prolongadas con aplicación de fuerza","Biomecánico","Problemas lumbares, desordenes de trauma acumulativo, lesiones.","Ninguno","Disminución del factor de exposición con descansos y rotación del personal","Capacitación de estrés y pausas activas, higiene y postura.\nPrograma de vigilancia epidemiológica"]

{"sheet":"Table 16","index":15,"n_rows":12,"n_cols":18,"rows_kept":12,"merged":[[0,0,1,0],[0,1,0,2],[0,3,0,9],[0,11,0,13],[0,14,0,17],[2,0,11,0],[2,11,7,11]]}
["Proceso","Peligro",null,"Evaluación\ndel Riesgo",{"$nulls":6},"Valoración\ndel Riesgo","Criterios para\nestablecer controles",null,null,"Medidas de\nIntervención"]
[null,"Descripción","Clasificación","ND","NE","NP","Interp.","NC","NR","Interp.","Aceptabilidad del riesgo","Nro Expuestos","Peor Consecuencia","Existencia Requisito Legal Especifico Asociado","Eliminación","Sustitución","Controles de Ingeniería","Señalización, Advertencia, Controles Administrativos"]
["Pulir","Impacto continuo e intermitente del ruido producido por los demás procesos y por el mismo","Físico",6,4,24,"MA",25,600,"I","No aceptable",1,"Hipoacusia","Si",null,null,"Cerramiento acústico","*Uso elementos de protección personas, doble tapa oídos\n*Acta de compromiso, conocimiento de causa riesgos en el puesto de trabajo"]
[null,"Manejo inadecuado de herramientas manuales","Mecánico",6,4,24,"M",25,600,"I","No aceptable",null,"Mutilamiento de dedos y/o cortes en general","Si",{"$nulls":3},"*Procedimientos seguros\n*Señalización y advertencias\n*Uso EPP *Fomentar autocuidado"]
[null,"Desprendimiento de chispas","Tecnológico",2,4,8,"MA",10,80,"II","Mejorable",null,"Incendio","Si",null,null,"Cerramiento  para evitar dispersión chispas","*Señalización y advertencias\n*Uso EPP *Fomentar autocuidado"]
[null,"Desprendimiento de material particulado","Químico",6,4,24,"MA",10,240,"II","Aceptable con control especifico",null,"Corte en los ojos","Si",null,null,"Cerramiento  para evitar dispersión de material particulado","*Señalización y advertencias\n*Uso EPP *Fomentar autocuidado"]
[null,"Desconocimiento de las características de personalidad y resolución de problemas.","Psicosocial Individual",6,3,18,"M",10,180,"II","Aceptable con control especifico",null,"Conflictos",{"$nulls":4},"*Es necesario hacer estudios psicométrico y clínicos aplicados por expertos para evaluar la condición de la población trabajadora"]
[null,"Condiciones de salud","Psicosocial Individual",2,1,2,"A",25,50,"III","Mejorable",null,"Bajo nivel de productividad","Si",{"$nulls":3},"*Asegurar la evaluación del programa de vigilancia epidemiologia para que sea pertinente con los factores psicosociales existentes *Reducción de niveles de exposición a los riesgos que afectan la salud de la población trabajadora por medio de capacitaciones en cuanto a autocuidado y capacitaciones especificas de la actividad que realicen los trabajadores"]
[null,"No se han aplicado metodologías para evaluar el nivel de riesgo del factor psicosocial extralaboral","Psicosocial Extralaboral",6,3,18,"M",25,450,"II","Aceptable con control especifico",null,"Errores en el proceso de trabajo.","Si",{"$nulls":3},"*Se debe aplicar un estudio del riesgo psicosocial basado en la metodología de evaluación de factores psicosociales extralaborales del Min. Trabajo"]
[null,"Bajo o nulo nivel de participación dentro de la organización","Psicosocial Intralaboral",2,2,4,"M",10,40,"III","Mejorable",null,"ausentismo","SI",{"$nulls":3},"Crear mecanismos de participación por medio de un buzón de sugerencias y encuestas a la hora de establecer medidas, restructuración e la planta, incorporación de nuevos productos, etc."]
[null,"Manipulación de cargas","Biomecánico",6,4,24,"MA",10,240,"II","Aceptable con control especifico",null,"Lesiones musculo esqueléticas","Si",{"$nulls":3},"*Socialización mejores practica y gestos motores para evitar lesiones musculo esqueléticas"]
[null,"Posturas prolongadas con aplicación de fuerza","Biomecánico",6,4,24,"MA",10,240,"II","Aceptable con control especifico",null,"Lesiones osteomusculares","No",{"$nulls":3},"*asegurar la realización de pausas activas\n*Socialización mejores practica y gestos motores para evitar lesiones musculo esqueléticas"]

{"sheet":"Table 17","index":16,"n_rows":10,"n_cols":10,"rows_kept":10,"merged":[[0,0,1,0],[0,1,1,1],[0,2,1,2],[0,3,1,3],[0,4,0,5],[0,6,1,6],[0,7,0,9],[2,0,9,0],[2,1,9,1],[2,2,9,2],[2,3,9,3]]}
["Proceso","Zona/Lugar","Tareas","Rutinario (Si, No)","Peligro",null,"Efectos Posibles","Controles\nExistentes"]
[{"$nulls":4},"Descripción","Clasificación",null,"Fuente","Medio","Individuo"]
["Pintar productos armados","Producción","Alistar productos semiterminados y limpiar, Mezclar pintura con anticorrosivo en la batea y llenarla, sumergir Cerchas y parales, para pintar las formaletas: llenar la pistola, pender compresor y extractor, pintar formaletas, hacer mantenimiento diario a la pistola, verificar el proceso y almacenar productos terminados","Si","Manipulación de cargas","Biomecánic o","Problemas lumbares, desordenes de trauma acumulativo, lesiones en miembros superiores","Gatos Hidráulicos","Ninguna","Manual de cargas"]
[{"$nulls":4},"Exposición a gases y vapores","Químico","Generación de incendios y explosiones, quemaduras, intoxicaciones`, cefaleas, nauseas, somnolencia, edema pulmonar, paro respiratorio, irritación vías respiratorias, ojos, piel y tracto gastrointestinal,\nvomito","Anticorrosivo con menos material toxico","El área se encuentra en cuarto especial con suficientes ductos de ventilación","Uso de tapabocas de doble filtro, guantes de nitrilo y otros EPP"]
[{"$nulls":4},"Movimientos repetitivos","Biomecánic o","Lesiones esqueléticas en miembros de la mano","Ninguno","Ninguno","Pausas activas"]
[{"$nulls":4},"Bajo o nulo nivel de participación dentro de la organización","Psicosocial Intralaboral","Falta de identificación con la organización","Ninguno","Ninguno","Ninguno"]
[{"$nulls":4},"No se han aplicado metodologías para evaluar el nivel de riesgo del factor\npsicosocial extralaboral","Psicosocial Extralaboral","Actitudes y hábitos inadecuados, desmotivación, conflictos intergrupales y exposición a los\naccidentes","Ninguno","Ninguno","Ninguno"]
[{"$nulls":4},"Desconocimiento de las características de personalidad y resolución de problemas.","Psicosocial Individual","Conflictos, disminución del buen clima laboral, desadaptación laboral","Ninguno","Ninguno","Ninguno"]
[{"$nulls":4},"Condiciones de salud","Psicosocial Individual","Enfermedades profesionales ocasionadas por la actividad realizada.","Se realizan exámenes médicos de ingreso, además se realizan estudios para evaluar las condiciones a los que están expuestos los trabajadores y así minimizar accidentes y enfermedades profesionales, programa de vigilancia epidemiológica","Ninguno","Se encuentran afiliados a EPS y ARL"]
[{"$nulls":4},"Impacto continuo e intermitente del ruido producido por los demás procesos y por el mismo","Físico","Cefalea, estrés, irritabilidad, perdida auditiva inducida por ruido","Inspecciones, Diagnósticos y mantenimiento a la maquinaria","Ninguno","Elementos de protección personal, implementación recomendaciones AROS, Exámenes médicos, estudio dosimetría del ruido"]

{"sheet":"Table 18","index":17,"n_rows":18,"n_cols":18,"rows_kept":18,"merged":[[0,0,1,0],[0,1,0,2],[0,3,0,9],[0,11,0,13],[0,14,0,17],[4,12,6,12],[4,14,6,14],[4,15,6,15],[4,16,6,16],[10,13,14,13],[10,14,14,14],[10,15,14,15],[10,16,14,16],[15,14,17,14],[15,15,17,15]]}
["Proceso","Peligro",null,"Evaluación\ndel Riesgo",{"$nulls":6},"Valoración\ndel Riesgo","Criterios para\nestablecer controles",null,null,"Medidas de\nIntervención"]
[null,"Descripción","Clasificación","ND","NE","NP","Interp.","NC","NR","Interp.","Aceptabilidad del riesgo","Nro Expuestos","Peor Consecuencia","Existencia Requisito Legal Especifico Asociado","Eliminación","Sustitución","Controles de Ingeniería","Señalización, Advertencia, Controles Administrativos"]
[null,"Manipulación de cargas","Biomecánico",6,4,24,"MA",10,240,"II","Aceptable con control especifico",1,"Lesiones osteomusculares","Si",{"$nulls":3},"*Asegurar y controlar la buena manipulación de las cargas y que los operarios utilicen adecuadamente los sistemas de manipulación de cargas estipulados para la ejecución de este proceso"]
[null,"Exposición a gases y vapores","Químico",3,4,12,"MA",25,300,"II","Aceptable con control especifico",null,"Paro respiratorio o incendio","Si",null,null,"Rediseño de campana extractora","*Señalización y uso obligatorio de elementos de protección personal"]
[{"$nulls":10},"Aceptable con",null,"Lesiones osteomusculares",{"$nulls":4},"*Socialización mejores practica y gestos motores para"]
[null,"Movimientos repetitivos","Biomecánico",6,4,24,"MA",10,240,"II","control",null,null,"Si",{"$nulls":3},"evitar lesiones musculo esqueléticas y asegurar su"]
[{"$nulls":10},"especifico",{"$nulls":6},"realización"]
["Pintar productos armados","Bajo o nulo nivel de participación dentro de la organización","Psicosocial Intralaboral",2,2,4,"M",10,40,"III","Mejorable",null,"ausentismo","SI",{"$nulls":3},"Crear mecanismos de participación por medio de un buzón de sugerencias y encuestas a la hora de establecer medidas, restructuración e la planta, incorporación de nuevos productos, etc."]
[null,"No se han aplicado metodologías para evaluar el nivel de riesgo del factor\npsicosocial extralaboral","Psicosocial Extralaboral",6,3,18,"M",25,450,"II","Aceptable con control especifico",1,"Errores en el proceso de trabajo.","Si",{"$nulls":3},"*Se debe aplicar un estudio del riesgo psicosocial basado en la metodología de evaluación de factores psicosociales extralaborales del Min. Trabajo"]
[null,"Desconocimiento de las características de personalidad y resolución de\nproblemas.","Psicosocial Individual",6,3,18,"M",10,180,"II","Aceptable con control especifico",null,"Conflictos","Si",{"$nulls":3},"*Es necesario hacer estudios psicométrico y clínicos aplicados por expertos para evaluar la condición de la población trabajadora"]
[{"$nulls":17},"*Asegurar la evaluación del programa de vigilancia"]
[{"$nulls":17},"epidemiologia para que sea pertinente con los factores"]
[null,"Condiciones de salud","Psicosocial Individual",2,1,2,"A",25,50,"III","Mejorable",null,"Bajo nivel de productividad",{"$nulls":4},"psicosociales existentes *Reducción de niveles de\nexposición a los riesgos que afectan la salud de la población trabajadora por medio de capacitaciones en"]
[{"$nulls":17},"cuanto a autocuidado y capacitaciones especificas de"]
[{"$nulls":17},"la actividad que realicen los trabajadores"]
[null,"Impacto continuo e"]
[null,"intermitente del ruido\nproducido por los demás","Físico",6,4,24,"MA",25,600,"I","No aceptable",null,"Hipoacusia","Si",null,null,"Rediseño de\ncampana extractora","*Mantenimiento al ducto de ventilación\n*Uso Tapa oídos"]
[null,"procesos y por el mismo"]

{"sheet":"Table 19","index":18,"n_rows":9,"n_cols":10,"rows_kept":9,"merged":[[0,0,1,0],[0,1,1,1],[0,2,1,2],[0,3,1,3],[0,4,0,5],[0,6,1,6],[0,7,0,9],[2,0,8,0],[2,1,8,1],[2,2,6,2],[2,3,6,3],[2,5,3,5],[7,2,8,2],[7,3,8,3]]}
["Proceso","Zona/Lugar","Tareas","Rutinario (Si, No)","Peligro",null,"Efectos Posibles","Controles\nExistentes"]
[{"$nulls":4},"Descripción","Clasificación",null,"Fuente","Medio","Individuo"]
["Soporte técnico y diseño","Administración","Modelación, diseño y calculo de encofrados para diferentes requerimientos en AutoCAD","Si","Posturas inadecuadas","Biomecánic o","Lesiones musculo esqueléticas","Ninguno","Ninguno","Pausas activas"]
[{"$nulls":4},"Movimientos repetitivos",null,"Lesiones esqueléticas en\nmiembros de la mano","Ninguno","Ninguno","Pausas activas"]
[{"$nulls":4},"Exposición moderada a gases y vapores","Químico","Cefalea, irritabilidad","Ninguno","Ventilación","Ninguno"]
[{"$nulls":4},"Exposición continua e intermitente al ruido","Físico","Cefalea, estrés, irritabilidad, falta de concentración","Mantenimiento a máquinas que generan ruido","Ninguno","Ninguno"]
[{"$nulls":4},"No se han aplicado metodologías para evaluar el nivel de riesgo del factor\npsicosocial extralaboral","Psicosocial Extralaboral","Actitudes y hábitos inadecuados, desmotivación, conflictos intergrupales y exposición a los\naccidentes","Ninguno","Ninguno","Ninguno"]
[null,null,"Modelación, diseño y calculo de encofrados para diferentes requerimientos en AutoCAD","Si","Desconocimiento de las características de personalidad y resolución de problemas.","Psicosocial Individual","Conflictos, disminución del buen clima laboral, desadaptación laboral","Ninguno","Ninguno","Ninguno"]
[{"$nulls":4},"Condiciones de salud","Psicosocial individual","Enfermedades profesionales ocasionadas por la actividad realizada.","Se realizan exámenes médicos de ingreso, además se realizan estudios para evaluar las condiciones a los que están expuestos los trabajadores y así minimizar accidentes y enfermedades profesionales, programa de vigilancia epidemiológica","Ninguno","Se encuentran afiliados a EPS y ARL"]

{"sheet":"Table 20","index":19,"n_rows":9,"n_cols":18,"rows_kept":9,"merged":[[0,0,1,0],[0,1,0,2],[0,3,0,9],[0,11,0,13],[0,14,0,17],[2,0,8,0],[2,2,3,2],[2,11,6,11],[7,11,8,11]]}
["Proceso","Peligro",null,"Evaluación\ndel Riesgo",{"$nulls":6},"Valoración\ndel Riesgo","Criterios para\nestablecer controles",null,null,"Medidas de\nIntervención"]
[null,"Descripción","Clasificación","ND","NE","NP","Interp.","NC","NR","Interp.","Aceptabilidad del riesgo","Nro Expuestos","Peor Consecuencia","Existencia Requisito Legal Especifico Asociado","Eliminación","Sustitución","Controles de Ingeniería","Señalización, Advertencia, Controles Administrativos"]
["Soporte técnico y diseño","Posturas inadecuadas","Biomecánico",6,3,18,"A",25,450,"II","Aceptable con control especifico",1,"Lumbalgia crónica","No",{"$nulls":3},"*Asegurarse de la ejecución de las pausas activas"]
[null,"Movimientos repetitivos",null,3,4,12,"M",25,300,"II","Aceptable con\ncontrol",null,"Túnel de Carpio","Si",{"$nulls":3},"*Asegurarse de la ejecución de las pausas activas"]
[null,"Exposición moderada a gases y vapores","Químico",2,4,8,"M",10,80,"III","Mejorable",null,"Dolor de cabeza","Si",null,null,"Rediseño de campana extractora"]
[null,"Exposición continua e intermitente al ruido","Físico",2,4,8,"MA",10,80,"III","Mejorable",null,"Disminución del ritmo de\nproductividad","Si",null,null,"Vidrios antiruido"]
[null,"No se han aplicado metodologías para evaluar el nivel de riesgo del factor\npsicosocial extralaboral","Psicosocial Extralaboral",6,3,18,"M",25,450,"II","Aceptable con control especifico",null,"Errores en el proceso de trabajo.","Si",{"$nulls":3},"*Se debe aplicar un estudio del riesgo psicosocial basado en la metodología de evaluación de factores psicosociales extralaborales del Min. Trabajo"]
[null,"Desconocimiento de las características de personalidad y resolución de\nproblemas.","Psicosocial Individual",6,3,18,"M",10,180,"II","Aceptable con control especifico",1,"Conflictos","Si",{"$nulls":3},"*Es necesario hacer estudios psicométrico y clínicos aplicados por expertos para evaluar la condición de la población trabajadora"]
[null,"Condiciones de salud","Psicosocial individual",2,1,2,"A",25,50,"III","Mejorable",null,"Bajo nivel de productividad","Si",{"$nulls":3},"*Asegurar la evaluación del programa de vigilancia epidemiologia para que sea pertinente con los factores psicosociales existentes *Reducción de niveles de exposición a los riesgos que afectan la salud de la población trabajadora por medio de capacitaciones en cuanto a autocuidado y capacitaciones especificas de la actividad que realicen los trabajadores"]

{"sheet":"Table 21","index":20,"n_rows":9,"n_cols":10,"rows_kept":9,"merged":[[0,0,1,0],[0,1,1,1],[0,2,1,2],[0,3,1,3],[0,4,0,5],[0,6,1,6],[0,7,0,9],[2,0,8,0],[2,1,8,1],[2,2,8,2],[2,3,8,3],[2,5,3,5]]}
["Proceso","Zona/Lugar","Tareas","Rutinario (Si, No)","Peligro",null,"Efectos Posibles","Controles\nExistentes"]
[{"$nulls":4},"Descripción","Clasificación",null,"Fuente","Medio","Individuo"]
["Comercial","Administración","Atención personalizada a clientes, recepción de necesidades, cotizaciones, ordenes de pedidos","Si","Posturas inadecuadas","Biomecánic o","Lesiones musculo esqueléticas","Ninguno","Ninguno","Pausas activas"]
[{"$nulls":4},"Movimientos repetitivos en miembros de la mano",null,"Lesiones esqueléticas en miembros de la mano","Ninguno","Ninguno","Pausas activas"]
[{"$nulls":4},"Exposición moderada a gases y vapores","Químico","Cefalea, irritabilidad","Ninguno","Ventilación","Ninguno"]
[{"$nulls":4},"Exposición continua e intermitente al ruido","Físico","Cefalea, estrés, irritabilidad, falta de concentración","Mantenimiento a máquinas que generan ruido","Ninguno","Ninguno"]
[{"$nulls":4},"No se han aplicado metodologías para evaluar el nivel de riesgo del factor\npsicosocial extralaboral","Psicosocial Extralaboral","Actitudes y hábitos inadecuados, desmotivación, conflictos intergrupales y exposición a los\naccidentes","Ninguno","Ninguno","Ninguno"]
[{"$nulls":4},"Desconocimiento de las características de personalidad y resolución de problemas.","Psicosocial Individual","Conflictos, disminución del buen clima laboral, desadaptación laboral","Ninguno","Ninguno","Ninguno"]
[{"$nulls":4},"Condiciones de salud","Psicosocial Individual","Enfermedades profesionales ocasionadas por la actividad realizada.","Se realizan exámenes médicos de ingreso, además se realizan estudios para evaluar las condiciones a los que están expuestos los trabajadores y así minimizar accidentes y enfermedades profesionales, programa de vigilancia epidemiológica","Ninguno","Se encuentran afiliados a EPS y ARL"]

{"sheet":"Table 22","index":21,"n_rows":9,"n_cols":18,"rows_kept":9,"merged":[[0,0,1,0],[0,1,0,2],[0,3,0,9],[0,11,0,13],[0,14,0,17],[2,0,8,0],[2,2,3,2],[2,11,8,11]]}
["Proceso","Peligro",null,"Evaluación\ndel Riesgo",{"$nulls":6},"Valoración\ndel Riesgo","Criterios para\nestablecer controles",null,null,"Medidas de\nIntervención"]
[null,"Descripción","Clasificación","ND","NE","NP","Interp.","NC","NR","Interp.","Aceptabilidad del riesgo","Nro Expuestos","Peor Consecuencia","Existencia Requisito Legal Especifico\nAsociado","Eliminación","Sustitución","Controles de Ingeniería","Señalización, Advertencia, Controles Administrativos"]
["Comercial","Posturas inadecuadas","Biomecánico",6,3,18,"A",25,450,"II","Aceptable con\ncontrol especifico",2,"Lumbalgia crónica","No",{"$nulls":3},"*Asegurarse de la ejecución de las pausas activas"]
[null,"Movimientos repetitivos en miembros de la mano",null,3,4,12,"MA",25,300,"II","Aceptable con\ncontrol especifico",null,"Túnel de Carpio","Si",{"$nulls":3},"*Asegurarse de la ejecución de las pausas activas"]
[null,"Exposición moderada a gases y vapores","Químico",2,4,8,"M",10,80,"III","Mejorable",null,"Dolor de cabeza","Si",null,null,"Rediseño de campana extractora"]
[null,"Exposición continua e intermitente al ruido","Físico",2,4,8,"M",10,80,"III","Mejorable",null,"Disminución del\nritmo de productividad","Si",null,null,"Vidrios antiruido"]
[null,"No se han aplicado metodologías para evaluar el nivel de riesgo del factor\npsicosocial extralaboral","Psicosocial Extralaboral",6,3,18,"M",25,450,"II","Aceptable con control especifico",null,"Errores en el proceso de trabajo.","Si",{"$nulls":3},"*Se debe aplicar un estudio del riesgo psicosocial basado en la metodología de evaluación de factores psicosociales extralaborales del Min. Trabajo"]
[null,"Desconocimiento de las características de personalidad y resolución de problemas.","Psicosocial Individual",6,3,18,"M",10,180,"II","Aceptable con control especifico",null,"Conflictos","Si",{"$nulls":3},"*Es necesario hacer estudios psicométrico y clínicos aplicados por expertos para evaluar la condición de la población trabajadora"]
[null,"Condiciones de salud","Psicosocial Individual",2,1,2,"A",25,50,"III","Mejorable",null,"Bajo nivel de productividad","Si",{"$nulls":3},"*Asegurar la evaluación del programa de vigilancia epidemiologia para que sea pertinente con los factores psicosociales existentes *Reducción de niveles de exposición a los riesgos que afectan la salud de la población trabajadora por medio de capacitaciones en cuanto a autocuidado y capacitaciones especificas de la actividad que realicen los trabajadores"]

{"sheet":"Table 23","index":22,"n_rows":9,"n_cols":10,"rows_kept":9,"merged":[[0,0,1,0],[0,1,1,1],[0,2,1,2],[0,3,1,3],[0,4,0,5],[0,6,1,6],[0,7,0,9],[2,0,8,0],[2,1,8,1],[2,2,8,2],[2,3,8,3],[2,5,3,5]]}
["Proceso","Zona/Lugar","Tareas","Rutinario (Si, No)","Peligro",null,"Efectos Posibles","Controles\nExistentes"]
[{"$nulls":4},"Descripción","Clasificación",null,"Fuente","Medio","Individuo"]
["Talento Humano","Administración","Capacitar, seleccionar, Dotación, supervisión,","Si","Posturas inadecuadas","Biomecánic o","Lesiones musculo esqueléticas","Ninguno","Ninguno","Pausas activas"]
[{"$nulls":4},"Movimientos repetitivos en miembros de la mano",null,"Lesiones esqueléticas en miembros de la mano","Ninguno","Ninguno","Pausas activas"]
[{"$nulls":4},"Exposición a gases y vapores","Químico","Cefalea, irritabilidad","Ninguno","Ventilación","Ninguno"]
[{"$nulls":4},"No se han aplicado metodologías para evaluar el nivel de riesgo del factor\npsicosocial extralaboral","Psicosocial Extralaboral","Actitudes y hábitos inadecuados, desmotivación, conflictos intergrupales y exposición a los\naccidentes","Ninguno","Ninguno","Ninguno"]
[{"$nulls":4},"Exposición continua e intermitente al ruido","Físico","Cefalea, estrés, irritabilidad, falta de concentración","Mantenimiento a máquinas que generan ruido","Ninguno","Ninguno"]
[{"$nulls":4},"Desconocimiento de las características de personalidad y resolución de problemas.","Psicosocial Individual","Conflictos, disminución del buen clima laboral, desadaptación laboral","Ninguno","Ninguno","Ninguno"]
[{"$nulls":4},"Condiciones de salud","Psicosocial Individual","Enfermedades profesionales ocasionadas por la actividad realizada.","Se realizan exámenes médicos de ingreso, además se realizan estudios para evaluar las condiciones a los que están expuestos los trabajadores y así minimizar accidentes y enfermedades profesionales, programa de vigilancia epidemiológica","Ninguno","Se encuentran afiliados a EPS y ARL"]

{"sheet":"Table 24","index":23,"n_rows":15,"n_cols":18,"rows_kept":15,"merged":[[0,0,1,0],[0,1,0,2],[0,3,0,9],[0,11,0,13],[0,14,0,17],[2,14,4,14],[2,15,4,15],[2,16,4,16],[4,0,5,0],[4,2,5,2],[4,11,5,11],[10,14,14,14],[10,15,14,15],[10,16,14,16]]}
["Proceso","Peligro",null,"Evaluación\ndel Riesgo",{"$nulls":6},"Valoración\ndel Riesgo","Criterios para\nestablecer controles",null,null,"Medidas de\nIntervención"]
[null,"Descripción","Clasificación","ND","NE","NP","Interp.","NC","NR","Interp.","Aceptabilidad del riesgo","Nro Expuestos","Peor Consecuencia","Existencia Requisito Legal Especifico Asociado","Eliminación","Sustitución","Controles de Ingeniería","Señalización, Advertencia, Controles Administrativos"]
[{"$nulls":10},"Aceptable con"]
[null,"Posturas inadecuadas",null,6,3,18,"A",25,450,"II","control",null,"Lumbalgia crónica","No",{"$nulls":3},"*Asegurarse de la ejecución de las pausas activas"]
[null,null,"Biomecánico",{"$nulls":7},"especifico"]
[null,"Movimientos repetitivos en miembros de la mano",null,3,4,12,"MA",25,300,"II","Aceptable con\ncontrol especifico",null,"Túnel de Carpio","Si",{"$nulls":3},"*Asegurarse de la ejecución de las pausas activas"]
[null,"Exposición a gases y vapores","Químico",6,4,24,"MA",10,240,"II","Aceptable con\ncontrol especifico",null,"Dolor de cabeza","Si",null,null,"Rediseño de campana extractora"]
[null,"No se han aplicado metodologías para evaluar el nivel de riesgo del factor\npsicosocial extralaboral","Psicosocial Extralaboral",6,3,18,"M",25,450,"II","Aceptable con control especifico",null,"Errores en el proceso de trabajo.","Si",{"$nulls":3},"*Se debe aplicar un estudio del riesgo psicosocial basado en la metodología de evaluación de factores psicosociales extralaborales del Min. Trabajo"]
["Talento Humano","Exposición continua e intermitente al ruido","Físico",6,4,24,"MA",10,240,"II","Aceptable con control especifico",1,"Disminución del ritmo de productividad","Si"]
[null,"Desconocimiento de las características de personalidad y resolución de problemas.","Psicosocial Individual",6,3,18,"M",10,180,"II","Aceptable con control especifico",null,"Conflictos","Si",{"$nulls":3},"*Es necesario hacer estudios psicométrico y clínicos aplicados por expertos para evaluar la condición de la población trabajadora"]
[{"$nulls":17},"*Asegurar la evaluación del programa de vigilancia"]
[{"$nulls":17},"epidemiologia para que sea pertinente con los factores"]
[null,"Condiciones de salud","Psicosocial Individual",2,1,2,"A",25,50,"III","Mejorable",null,"Bajo nivel de productividad","Si",{"$nulls":3},"psicosociales existentes *Reducción de niveles de exposición a los riesgos que afectan la salud de la\npoblación trabajadora por medio de capacitaciones en"]
[{"$nulls":17},"cuanto a autocuidado y capacitaciones especificas de"]
[{"$nulls":17},"la actividad que realicen los trabajadores"]

{"sheet":"Table 25","index":24,"n_rows":9,"n_cols":10,"rows_kept":9,"merged":[[0,0,1,0],[0,1,1,1],[0,2,1,2],[0,3,1,3],[0,4,0,5],[0,6,1,6],[0,7,0,9],[2,0,8,0],[2,1,8,1],[2,2,7,2],[2,3,8,3],[2,5,3,5]]}
["Proceso","Zona/Lugar","Tareas","Rutinario (Si, No)","Peligro",null,"Efectos Posibles","Controles\nExistentes"]
[{"$nulls":4},"Descripción","Clasificación",null,"Fuente","Medio","Individuo"]
["Financiero","Administración","Facturar, cobro cartera, contratación de alquiler y venta, inventario de alquileres","Si","Posturas inadecuadas","Biomecánic o","Lesiones musculo esqueléticas","Ninguno","Ninguno","Pausas activas"]
[{"$nulls":4},"Movimientos repetitivos en miembros de la mano",null,"Lesiones esqueléticas en miembros de la mano","Ninguno","Ninguno","Pausas activas"]
[{"$nulls":4},"Exposición a gases y vapores","Químico","Cefalea, irritabilidad","Ninguno","Ventilación","Ninguno"]
[{"$nulls":4},"Exposición continua e intermitente al ruido","Físico","Cefalea, estrés, irritabilidad, falta de concentración","Mantenimiento a máquinas que generan ruido","Ninguno","Ninguno"]
[{"$nulls":4},"No se han aplicado metodologías para evaluar el nivel de riesgo del factor\npsicosocial extralaboral","Psicosocial Extralaboral","Actitudes y hábitos inadecuados, desmotivación, conflictos intergrupales y exposición a los\naccidentes","Ninguno","Ninguno","Ninguno"]
[{"$nulls":4},"Desconocimiento de las características de personalidad y resolución de problemas.","Psicosocial Individual","Conflictos, disminución del buen clima laboral, desadaptación laboral","Ninguno","Ninguno","Ninguno"]
[null,null,"Llevar la contabilidad",null,"Condiciones de salud","Psicosocial Individual","Enfermedades profesionales ocasionadas por la actividad realizada.","Se realizan exámenes médicos de ingreso, además se realizan estudios para evaluar las condiciones a los que están expuestos los trabajadores y así minimizar accidentes y enfermedades profesionales, programa de vigilancia epidemiológica","Ninguno","Se encuentran afiliados a EPS y ARL"]

{"sheet":"Table 26","index":25,"n_rows":9,"n_cols":18,"rows_kept":9,"merged":[[0,0,1,0],[0,1,0,2],[0,3,0,9],[0,11,0,13],[0,14,0,17],[2,0,8,0],[2,2,3,2],[2,11,8,11]]}
["Proceso","Peligro",null,"Evaluación\ndel Riesgo",{"$nulls":6},"Valoración\ndel Riesgo","Criterios para\nestablecer controles",null,null,"Medidas de\nIntervención"]
[null,"Descripción","Clasificación","ND","NE","NP","Interp.","NC","NR","Interp.","Aceptabilidad del riesgo","Nro Expuestos","Peor Consecuencia","Existencia Requisito Legal Especifico Asociado","Eliminación","Sustitución","Controles de Ingeniería","Señalización, Advertencia, Controles Administrativos"]
["Financiero","Posturas inadecuadas","Biomecánico",6,3,18,"A",25,450,"II","Aceptable con\ncontrol",1,"Lumbalgia crónica","No",{"$nulls":3},"*Asegurarse de la ejecución de las pausas activas"]
[null,"Movimientos repetitivos en miembros de la mano",null,3,4,12,"MA",25,300,"II","Aceptable con control\nespecifico",null,"Túnel de Carpio","Si",{"$nulls":3},"*Asegurarse de la ejecución de las pausas activas"]
[null,"Exposición a gases y vapores","Químico",6,4,24,"MA",10,240,"II","Aceptable con\ncontrol especifico",null,"Dolor de cabeza","Si",null,null,"Rediseño de campana extractora"]
[null,"Exposición continua e intermitente al ruido","Físico",6,4,24,"MA",10,240,"II","Aceptable con control\nespecifico",null,"Disminución del ritmo de\nproductividad","Si",null,null,"Vidrios antiruido"]
[null,"No se han aplicado metodologías para evaluar el nivel de riesgo del factor\npsicosocial extralaboral","Psicosocial Extralaboral",6,3,18,"M",25,450,"II","Aceptable con control especifico",null,"Errores en el proceso de trabajo.","Si",{"$nulls":3},"*Se debe aplicar un estudio del riesgo psicosocial basado en la metodología de evaluación de factores psicosociales extralaborales del Min. Trabajo"]
[null,"Desconocimiento de las características de personalidad y resolución de\nproblemas.","Psicosocial Individual",6,3,18,"M",10,180,"II","Aceptable con control especifico",null,"Conflictos","Si",{"$nulls":3},"*Es necesario hacer estudios psicométrico y clínicos aplicados por expertos para evaluar la condición de la población trabajadora"]
[null,"Condiciones de salud","Psicosocial Individual",2,1,2,"A",25,50,"III","Mejorable",null,"Bajo nivel de productividad","Si",{"$nulls":3},"*Asegurar la evaluación del programa de vigilancia epidemiologia para que sea pertinente con los factores psicosociales existentes *Reducción de niveles de exposición a los riesgos que afectan la salud de la población trabajadora por medio de capacitaciones en cuanto a autocuidado y capacitaciones especificas de la actividad que realicen los trabajadores"]

{"sheet":"Table 27","index":26,"n_rows":9,"n_cols":10,"rows_kept":9,"merged":[[0,0,1,0],[0,1,1,1],[0,2,1,2],[0,3,1,3],[0,4,0,5],[0,6,1,6],[0,7,0,9],[2,0,8,0],[2,1,8,1],[2,2,8,2],[2,3,8,3],[2,5,3,5]]}
["Proceso","Zona/Lugar","Tareas","Rutinario (Si, No)","Peligro",null,"Efectos Posibles","Controles\nExistentes"]
[{"$nulls":4},"Descripción","Clasificación",null,"Fuente","Medio","Individuo"]
["Recepción","Administración","Manejo de documentación administrativa y contable, recepción de llamadas","Si","Posturas inadecuadas","Biomecánic o","Lesiones musculo esqueléticas","Ninguno","Ninguno","Pausas activas"]
[{"$nulls":4},"Movimientos repetitivos en miembros de la mano",null,"Lesiones esqueléticas en miembros de la mano","Ninguno","Ninguno","Pausas activas"]
[{"$nulls":4},"Exposición a gases y vapores","Químico","Cefalea, irritabilidad","Ninguno","Ventilación","Ninguno"]
[{"$nulls":4},"Exposición continua e intermitente al ruido","Físico","Cefalea, estrés, irritabilidad, falta de concentración","Mantenimiento a máquinas que generan ruido","Ninguno","Ninguno"]
[{"$nulls":4},"No se han aplicado metodologías para evaluar el nivel de riesgo del factor\npsicosocial extralaboral","Psicosocial Extralaboral","Actitudes y hábitos inadecuados, desmotivación, conflictos intergrupales y exposición a los\naccidentes","Ninguno","Ninguno","Ninguno"]
[{"$nulls":4},"Desconocimiento de las características de personalidad y resolución de problemas.","Psicosocial Individual","Conflictos, disminución del buen clima laboral, desadaptación laboral","Ninguno","Ninguno","Ninguno"]
[{"$nulls":4},"Condiciones de salud","Psicosocial Individual","Enfermedades profesionales ocasionadas por la actividad realizada.","Se realizan exámenes médicos de ingreso, además se realizan estudios para evaluar las condiciones a los que están expuestos los trabajadores y así minimizar accidentes y enfermedades profesionales, programa de vigilancia epidemiológica","Ninguno","Se encuentran afiliados a EPS y ARL"]

{"sheet":"Table 28","index":27,"n_rows":9,"n_cols":18,"rows_kept":9,"merged":[[0,0,1,0],[0,1,0,2],[0,3,0,9],[0,11,0,13],[0,14,0,17],[2,0,8,0],[2,2,3,2],[2,11,8,11]]}
["Proceso","Peligro",null,"Evaluación\ndel Riesgo",{"$nulls":6},"Valoración\ndel Riesgo","Criterios para\nestablecer controles",null,null,"Medidas de\nIntervención"]
[null,"Descripción","Clasificación","ND","NE","NP","Interp.","NC","NR","Interp.","Aceptabilidad del riesgo","Nro Expuestos","Peor Consecuencia","Existencia Requisito Legal Especifico Asociado","Eliminación","Sustitución","Controles de Ingeniería","Señalización, Advertencia, Controles Administrativos"]
["Recepción","Posturas inadecuadas","Biomecánico",6,3,18,"A",25,450,"II","Aceptable con control especifico",1,"Lumbalgia crónica","No",{"$nulls":3},"*Asegurarse de la ejecución de las pausas activas"]
[null,"Movimientos repetitivos en miembros de la mano",null,3,4,12,"MA",25,300,"II","Aceptable con control\nespecifico",null,"Túnel de Carpio","Si",{"$nulls":3},"*Asegurarse de la ejecución de las pausas activas"]
[null,"Exposición a gases y vapores","Químico",6,4,24,"MA",10,240,"II","Aceptable con control especifico",null,"Dolor de cabeza","Si",null,null,"Rediseño de campana extractora"]
[null,"Exposición continua e intermitente al ruido","Físico",6,4,24,"MA",10,240,"II","Aceptable con\ncontrol especifico",null,"Disminución del\nritmo de productividad","Si",null,null,"Vidrios antiruido"]
[null,"No se han aplicado metodologías para evaluar el nivel de riesgo del factor\npsicosocial extralaboral","Psicosocial Extralaboral",6,3,18,"M",25,450,"II","Aceptable con control especifico",null,"Errores en el proceso de trabajo.","Si",{"$nulls":3},"*Se debe aplicar un estudio del riesgo psicosocial basado en la metodología de evaluación de factores psicosociales extralaborales del Min. Trabajo"]
[null,"Desconocimiento de las características de personalidad y resolución de problemas.","Psicosocial Individual",6,3,18,"M",10,180,"II","Aceptable con control especifico",null,"Conflictos","Si",{"$nulls":3},"*Es necesario hacer estudios psicométrico y clínicos aplicados por expertos para evaluar la condición de la población trabajadora"]
[null,"Condiciones de salud","Psicosocial Individual",2,1,2,"A",25,50,"III","Mejorable",null,"Bajo nivel de productividad","Si",{"$nulls":3},"*Asegurar la evaluación del programa de vigilancia epidemiologia para que sea pertinente con los factores psicosociales existentes *Reducción de niveles de exposición a los riesgos que afectan la salud de la población trabajadora por medio de capacitaciones en cuanto a autocuidado y capacitaciones especificas de la actividad que realicen los trabajadores"]

{"sheet":"Table 29","index":28,"n_rows":12,"n_cols":10,"rows_kept":12,"merged":[[0,0,1,0],[0,1,1,1],[0,2,1,2],[0,3,1,3],[0,4,0,5],[0,6,1,6],[0,7,0,9],[2,0,8,0],[2,1,8,1],[2,2,8,2],[2,3,8,3],[9,0,11,0],[9,1,11,1],[9,2,11,2],[9,3,11,3]]}
["Proceso","Zona/Lugar","Tareas","Rutinario (Si, No)","Peligro",null,"Efectos Posibles","Controles\nExistentes"]
[{"$nulls":4},"Descripción","Clasificación",null,"Fuente","Medio","Individuo"]
["Servicios Generales","Administración","Orden, aseo y limpieza a toda el área administrativa y Cafetería","Si","Exposición a agentes bacterianos","Biológico",null,"Ninguno","Ninguno","Uso de EPP"]
[{"$nulls":4},"Exposición a líquidos tóxicos de limpieza","Químico",null,"Ninguno","Ninguno","Uso de EPP"]
[{"$nulls":4},"Exposición continua e intermitente al ruido","Físico",null,"Mantenimiento a máquinas que generan ruido","Ninguno","Ninguno"]
[{"$nulls":4},"Exposición a gases y vapores","Químico",null,"Ninguno","Ventilación","Ninguno"]
[{"$nulls":4},"No se han aplicado metodologías para evaluar el nivel de riesgo del factor\npsicosocial extralaboral","Psicosocial Extralaboral","Actitudes y hábitos inadecuados, desmotivación, conflictos intergrupales y exposición a los\naccidentes","Ninguno","Ninguno","Ninguno"]
[{"$nulls":4},"Desconocimiento de las características de personalidad y resolución de problemas.","Psicosocial Individual","Conflictos, disminución del buen clima laboral, desadaptación laboral","Ninguno","Ninguno","Ninguno"]
[{"$nulls":4},"Condiciones de salud","Psicosocial Individual","Enfermedades profesionales ocasionadas por la actividad realizada.","Se realizan exámenes médicos de ingreso, además se realizan estudios para evaluar las condiciones a los que están expuestos los trabajadores y así minimizar accidentes y enfermedades profesionales, programa de vigilancia epidemiológica","Ninguno","Se encuentran afiliados a EPS y ARL"]
["Visitantes","Planta produc. y área admin.","Personas externas a la empresa que quieren conocer las instalaciones o el proceso\nproductivo","No","Exposición al ruido","Físico","Dolor de cabeza","Mantenimiento a máquinas que\ngeneran ruido","Ninguno","Tapa oídos"]
[{"$nulls":4},"Exposición a gases y vapores","Químico","Dolor de cabeza","Ducto de ventilación","Ninguno","Ninguno"]
[{"$nulls":4},"Falta de señalización y\ndemarcación","Seguridad","Caídas, golpes y fracturas","Ninguno","Ninguno","Ninguno"]

{"sheet":"Table 30","index":29,"n_rows":12,"n_cols":18,"rows_kept":12,"merged":[[0,0,1,0],[0,1,0,2],[0,3,0,9],[0,11,0,13],[0,14,0,17],[2,0,8,0],[2,11,8,11],[9,0,11,0],[9,11,11,11],[9,17,11,17]]}
["Proceso","Peligro",null,"Evaluación\ndel Riesgo",{"$nulls":6},"Valoración\ndel Riesgo","Criterios para\nestablecer controles",null,null,"Medidas de\nIntervención"]
[null,"Descripción","Clasificación","ND","NE","NP","Interp.","NC","NR","Interp.","Aceptabilidad del riesgo","Nro Expuestos","Peor Consecuencia","Existencia Requisito Legal Especifico Asociado","Eliminación","Sustitución","Controles de Ingeniería","Señalización, Advertencia, Controles Administrativos"]
["Servicios Generales","Exposición a agentes bacterianos","Biológico",2,3,6,"M",10,60,"III","Mejorable",1,null,"Si",{"$nulls":3},"*Uso de elementos de protección personal y equipar al personal de aseo de jabón antibacterial"]
[null,"Exposición a líquidos tóxicos de limpieza","Químico",2,3,6,"M",10,60,"III","Mejorable",null,"Irritación en la piel, en los ojos o en las\nvías respiratorias","Si",{"$nulls":3},"*Uso obligatorio de  guantes y tapabocas"]
[null,"Exposición continua e intermitente al ruido","Físico",6,4,24,"MA",10,240,"II","Aceptable con control especifico",null,"Disminución del ritmo de productividad","Si",{"$nulls":3},"*cuando por algún motivo deba ingresar al área de producción será necesario que porten EPP contra el ruido"]
[null,"Exposición a gases y vapores","Químico",6,4,24,"MA",10,240,"II","Aceptable con control\nespecifico",null,"Dolor de cabeza","Si",null,null,"Rediseño de campana extractora"]
[null,"No se han aplicado metodologías para evaluar el nivel de riesgo del factor\npsicosocial extralaboral","Psicosocial Extralaboral",6,3,18,"M",25,450,"II","Aceptable con control especifico",null,"Errores en el proceso de trabajo.","Si",{"$nulls":3},"*Se debe aplicar un estudio del riesgo psicosocial basado en la metodología de evaluación de factores psicosociales extralaborales del Min. Trabajo"]
[null,"Desconocimiento de las características de personalidad y resolución de\nproblemas.","Psicosocial Individual",6,3,18,"M",10,180,"II","Aceptable con control especifico",null,"Conflictos","Si",{"$nulls":3},"*Es necesario hacer estudios psicométrico y clínicos aplicados por expertos para evaluar la condición de la población trabajadora"]
[null,"Condiciones de salud","Psicosocial Individual",2,1,2,"A",25,50,"III","Mejorable",null,"Bajo nivel de productividad","Si",{"$nulls":3},"*Asegurar la evaluación del programa de vigilancia epidemiologia para que sea pertinente con los factores psicosociales existentes *Reducción de niveles de exposición a los riesgos que afectan la salud de la población trabajadora por medio de capacitaciones en cuanto a autocuidado y capacitaciones especificas de la actividad que realicen los trabajadores"]
["Visitantes","Exposición al ruido","Físico",2,2,4,"B",10,40,"III","Mejorable","Max. Grupo 5 personas","Dolor de cabeza","Si",null,null,"Barreras difractoras","*Uso obligatorio de EPP incluido tapabocas y lectura folleto informativo de  conocimiento de causas sobre los riesgos que esta expuesto al ingresar a la planta de producción. *Demarcación de áreas y señalización"]
[null,"Exposición a gases y vapores","Químico",6,2,12,"A",10,120,"III","Mejorable",null,"Irritación en la piel, en los ojos o en las\nvías respiratorias","Si",null,null,"Rediseño de campana extractora"]
[null,"Falta de señalización y\ndemarcación","Seguridad",6,2,12,"A",10,120,"III","Mejorable",null,"Fracturas","Si"]